<?xml version="1.0" encoding="UTF-8"?>
<record
    xmlns:xsi="http://www.w3.org/2001/XMLSchema-instance"
    xsi:schemaLocation="http://www.loc.gov/MARC21/slim http://www.loc.gov/standards/marcxml/schema/MARC21slim.xsd"
    xmlns="http://www.loc.gov/MARC21/slim">

  <leader>01012nom a22001457a 4500</leader>
  <controlfield tag="005">20230428082751.0</controlfield>
  <controlfield tag="008">190716b        xxu||||| |||| 00| 0 spa d</controlfield>
  <datafield tag="041" ind1=" " ind2=" ">
    <subfield code="a">ESP</subfield>
  </datafield>
  <datafield tag="082" ind1=" " ind2=" ">
    <subfield code="a">ACT-1764</subfield>
  </datafield>
  <datafield tag="245" ind1=" " ind2=" ">
    <subfield code="a">Kit #3 Simulaci&#xF3;n de heridas</subfield>
  </datafield>
  <datafield tag="500" ind1=" " ind2=" ">
    <subfield code="a">Heridas incluidas:

Petequia, equimosis, patrones de ligaduras, cortes con cuchillo, disparos a corta distancia, disparos por escopeta, disparos a distancia intermedia, herida por disparo a distancia intermedia, salida de proyectil, herida por proyectil a quemarropa, herida de contacto, destornillador, mordida parcial, mordida completa, cuchillo de un solo filo, cuchillo de doble filo, golpe por bate, salida de proyectil en forma de &#x201C;orejas de conejo&#x201D;, salida de herida por picahielos, fractura compuesta de h&#xFA;mero, protrusi&#xF3;n de cuerpo extra&#xF1;o, laceraciones grandes y medianas, y quemaduras de segundo grado.

Se prestan para el mismo d&#xED;a, hasta las 7:50 pm</subfield>
  </datafield>
  <datafield tag="650" ind1=" " ind2=" ">
    <subfield code="a">MODELOS ANAT&#xD3;MICOS</subfield>
    <subfield code="9">75150</subfield>
  </datafield>
  <datafield tag="650" ind1=" " ind2=" ">
    <subfield code="a">HERIDAS</subfield>
    <subfield code="9">75151</subfield>
  </datafield>
  <datafield tag="942" ind1=" " ind2=" ">
    <subfield code="c">MA</subfield>
  </datafield>
  <datafield tag="999" ind1=" " ind2=" ">
    <subfield code="c">12126</subfield>
    <subfield code="d">12126</subfield>
  </datafield>
  <datafield tag="952" ind1=" " ind2=" ">
    <subfield code="0">0</subfield>
    <subfield code="1">0</subfield>
    <subfield code="4">0</subfield>
    <subfield code="7">0</subfield>
    <subfield code="l">0</subfield>
    <subfield code="o">Kit #3</subfield>
    <subfield code="p">ACT-1764</subfield>
    <subfield code="r">2019-07-16 00:00:00</subfield>
    <subfield code="w">2019-07-16</subfield>
    <subfield code="y">MA</subfield>
  </datafield>
  <datafield tag="952" ind1=" " ind2=" ">
    <subfield code="0">0</subfield>
    <subfield code="1">0</subfield>
    <subfield code="4">0</subfield>
    <subfield code="7">0</subfield>
    <subfield code="l">0</subfield>
    <subfield code="o">Kit #3</subfield>
    <subfield code="p">SH01</subfield>
    <subfield code="r">2019-07-16 00:00:00</subfield>
    <subfield code="y">MA</subfield>
  </datafield>
  <datafield tag="952" ind1=" " ind2=" ">
    <subfield code="0">0</subfield>
    <subfield code="1">0</subfield>
    <subfield code="4">0</subfield>
    <subfield code="7">0</subfield>
    <subfield code="l">0</subfield>
    <subfield code="o">Kit #3</subfield>
    <subfield code="p">SH02</subfield>
    <subfield code="r">2019-07-16 00:00:00</subfield>
    <subfield code="y">MA</subfield>
  </datafield>
  <datafield tag="952" ind1=" " ind2=" ">
    <subfield code="0">0</subfield>
    <subfield code="1">0</subfield>
    <subfield code="4">0</subfield>
    <subfield code="7">0</subfield>
    <subfield code="l">0</subfield>
    <subfield code="o">Kit #3</subfield>
    <subfield code="p">SH03</subfield>
    <subfield code="r">2019-07-16 00:00:00</subfield>
    <subfield code="y">MA</subfield>
  </datafield>
  <datafield tag="952" ind1=" " ind2=" ">
    <subfield code="0">0</subfield>
    <subfield code="1">0</subfield>
    <subfield code="4">0</subfield>
    <subfield code="7">0</subfield>
    <subfield code="l">0</subfield>
    <subfield code="o">Kit #3</subfield>
    <subfield code="p">SH04</subfield>
    <subfield code="r">2019-07-16 00:00:00</subfield>
    <subfield code="y">MA</subfield>
  </datafield>
  <datafield tag="952" ind1=" " ind2=" ">
    <subfield code="0">0</subfield>
    <subfield code="1">0</subfield>
    <subfield code="4">0</subfield>
    <subfield code="7">0</subfield>
    <subfield code="l">2</subfield>
    <subfield code="o">Kit #3</subfield>
    <subfield code="p">SH05</subfield>
    <subfield code="r">2024-07-12 11:42:38</subfield>
    <subfield code="s">2024-07-12</subfield>
    <subfield code="y">MA</subfield>
  </datafield>
  <datafield tag="952" ind1=" " ind2=" ">
    <subfield code="0">0</subfield>
    <subfield code="1">0</subfield>
    <subfield code="4">0</subfield>
    <subfield code="7">0</subfield>
    <subfield code="l">1</subfield>
    <subfield code="o">Kit #3</subfield>
    <subfield code="p">SH06</subfield>
    <subfield code="r">2024-07-12 11:42:17</subfield>
    <subfield code="s">2024-07-12</subfield>
    <subfield code="y">MA</subfield>
  </datafield>
  <datafield tag="952" ind1=" " ind2=" ">
    <subfield code="0">0</subfield>
    <subfield code="1">0</subfield>
    <subfield code="4">0</subfield>
    <subfield code="7">0</subfield>
    <subfield code="l">2</subfield>
    <subfield code="o">Kit #3</subfield>
    <subfield code="p">SH07</subfield>
    <subfield code="r">2024-07-12 11:42:40</subfield>
    <subfield code="s">2024-07-12</subfield>
    <subfield code="y">MA</subfield>
  </datafield>
  <datafield tag="952" ind1=" " ind2=" ">
    <subfield code="0">0</subfield>
    <subfield code="1">0</subfield>
    <subfield code="4">0</subfield>
    <subfield code="7">0</subfield>
    <subfield code="l">2</subfield>
    <subfield code="o">Kit #3</subfield>
    <subfield code="p">SH08</subfield>
    <subfield code="r">2022-05-27 00:00:00</subfield>
    <subfield code="s">2022-05-27</subfield>
    <subfield code="y">MA</subfield>
  </datafield>
  <datafield tag="952" ind1=" " ind2=" ">
    <subfield code="0">0</subfield>
    <subfield code="1">0</subfield>
    <subfield code="4">0</subfield>
    <subfield code="7">0</subfield>
    <subfield code="l">2</subfield>
    <subfield code="o">Kit #3</subfield>
    <subfield code="p">SH09</subfield>
    <subfield code="r">2024-07-12 11:32:18</subfield>
    <subfield code="s">2024-07-12</subfield>
    <subfield code="y">MA</subfield>
  </datafield>
  <datafield tag="952" ind1=" " ind2=" ">
    <subfield code="0">0</subfield>
    <subfield code="1">0</subfield>
    <subfield code="4">0</subfield>
    <subfield code="7">0</subfield>
    <subfield code="l">1</subfield>
    <subfield code="o">Kit #3</subfield>
    <subfield code="p">SH10</subfield>
    <subfield code="r">2019-08-12 00:00:00</subfield>
    <subfield code="s">2019-08-12</subfield>
    <subfield code="y">MA</subfield>
  </datafield>
  <datafield tag="952" ind1=" " ind2=" ">
    <subfield code="0">0</subfield>
    <subfield code="1">0</subfield>
    <subfield code="4">0</subfield>
    <subfield code="7">0</subfield>
    <subfield code="l">1</subfield>
    <subfield code="o">Kit #3</subfield>
    <subfield code="p">SH11</subfield>
    <subfield code="r">2019-08-12 00:00:00</subfield>
    <subfield code="s">2019-08-12</subfield>
    <subfield code="y">MA</subfield>
  </datafield>
  <datafield tag="952" ind1=" " ind2=" ">
    <subfield code="0">0</subfield>
    <subfield code="1">0</subfield>
    <subfield code="4">0</subfield>
    <subfield code="7">0</subfield>
    <subfield code="l">2</subfield>
    <subfield code="o">Kit #3</subfield>
    <subfield code="p">SH12</subfield>
    <subfield code="r">2019-08-12 00:00:00</subfield>
    <subfield code="s">2019-08-12</subfield>
    <subfield code="y">MA</subfield>
  </datafield>
  <datafield tag="952" ind1=" " ind2=" ">
    <subfield code="0">0</subfield>
    <subfield code="1">0</subfield>
    <subfield code="4">0</subfield>
    <subfield code="7">0</subfield>
    <subfield code="l">1</subfield>
    <subfield code="o">Kit #3</subfield>
    <subfield code="p">SH13</subfield>
    <subfield code="r">2019-08-12 00:00:00</subfield>
    <subfield code="s">2019-08-12</subfield>
    <subfield code="y">MA</subfield>
  </datafield>
  <datafield tag="952" ind1=" " ind2=" ">
    <subfield code="0">0</subfield>
    <subfield code="1">0</subfield>
    <subfield code="4">0</subfield>
    <subfield code="7">0</subfield>
    <subfield code="l">1</subfield>
    <subfield code="o">Kit #3</subfield>
    <subfield code="p">SH14</subfield>
    <subfield code="r">2019-08-12 00:00:00</subfield>
    <subfield code="s">2019-08-12</subfield>
    <subfield code="y">MA</subfield>
  </datafield>
  <datafield tag="952" ind1=" " ind2=" ">
    <subfield code="0">0</subfield>
    <subfield code="1">0</subfield>
    <subfield code="4">0</subfield>
    <subfield code="7">0</subfield>
    <subfield code="l">0</subfield>
    <subfield code="o">Kit #3</subfield>
    <subfield code="p">SH15</subfield>
    <subfield code="r">2019-07-16 00:00:00</subfield>
    <subfield code="y">MA</subfield>
  </datafield>
  <datafield tag="952" ind1=" " ind2=" ">
    <subfield code="0">0</subfield>
    <subfield code="1">0</subfield>
    <subfield code="4">0</subfield>
    <subfield code="7">0</subfield>
    <subfield code="l">1</subfield>
    <subfield code="o">Kit #3</subfield>
    <subfield code="p">SH16</subfield>
    <subfield code="r">2019-07-26 00:00:00</subfield>
    <subfield code="s">2019-07-26</subfield>
    <subfield code="y">MA</subfield>
  </datafield>
  <datafield tag="952" ind1=" " ind2=" ">
    <subfield code="0">0</subfield>
    <subfield code="1">0</subfield>
    <subfield code="4">0</subfield>
    <subfield code="7">0</subfield>
    <subfield code="l">2</subfield>
    <subfield code="o">Kit #3</subfield>
    <subfield code="p">SH17</subfield>
    <subfield code="r">2022-06-03 00:00:00</subfield>
    <subfield code="s">2022-06-03</subfield>
    <subfield code="y">MA</subfield>
  </datafield>
  <datafield tag="952" ind1=" " ind2=" ">
    <subfield code="0">0</subfield>
    <subfield code="1">0</subfield>
    <subfield code="4">0</subfield>
    <subfield code="7">0</subfield>
    <subfield code="l">1</subfield>
    <subfield code="o">Kit #3</subfield>
    <subfield code="p">SH18</subfield>
    <subfield code="r">2022-03-18 00:00:00</subfield>
    <subfield code="s">2022-03-18</subfield>
    <subfield code="y">MA</subfield>
  </datafield>
  <datafield tag="952" ind1=" " ind2=" ">
    <subfield code="0">0</subfield>
    <subfield code="1">0</subfield>
    <subfield code="4">0</subfield>
    <subfield code="7">0</subfield>
    <subfield code="l">3</subfield>
    <subfield code="o">Kit #3</subfield>
    <subfield code="p">SH19</subfield>
    <subfield code="r">2024-02-23 16:49:00</subfield>
    <subfield code="s">2024-02-23</subfield>
    <subfield code="y">MA</subfield>
  </datafield>
  <datafield tag="952" ind1=" " ind2=" ">
    <subfield code="0">0</subfield>
    <subfield code="1">0</subfield>
    <subfield code="4">0</subfield>
    <subfield code="7">0</subfield>
    <subfield code="l">2</subfield>
    <subfield code="o">Kit #3</subfield>
    <subfield code="p">SH20</subfield>
    <subfield code="r">2022-03-18 00:00:00</subfield>
    <subfield code="s">2022-03-18</subfield>
    <subfield code="y">MA</subfield>
  </datafield>
  <datafield tag="952" ind1=" " ind2=" ">
    <subfield code="0">0</subfield>
    <subfield code="1">0</subfield>
    <subfield code="4">0</subfield>
    <subfield code="7">0</subfield>
    <subfield code="l">1</subfield>
    <subfield code="o">Kit #3</subfield>
    <subfield code="p">SH21</subfield>
    <subfield code="r">2019-07-26 00:00:00</subfield>
    <subfield code="s">2019-07-26</subfield>
    <subfield code="y">MA</subfield>
  </datafield>
  <datafield tag="952" ind1=" " ind2=" ">
    <subfield code="0">0</subfield>
    <subfield code="1">0</subfield>
    <subfield code="4">0</subfield>
    <subfield code="7">0</subfield>
    <subfield code="l">0</subfield>
    <subfield code="o">Kit #3</subfield>
    <subfield code="p">SH22</subfield>
    <subfield code="r">2019-07-16 00:00:00</subfield>
    <subfield code="y">MA</subfield>
  </datafield>
  <datafield tag="952" ind1=" " ind2=" ">
    <subfield code="0">0</subfield>
    <subfield code="1">0</subfield>
    <subfield code="4">0</subfield>
    <subfield code="7">0</subfield>
    <subfield code="l">0</subfield>
    <subfield code="o">Kit #3</subfield>
    <subfield code="p">SH23</subfield>
    <subfield code="r">2019-07-16 00:00:00</subfield>
    <subfield code="y">MA</subfield>
  </datafield>
  <datafield tag="952" ind1=" " ind2=" ">
    <subfield code="0">0</subfield>
    <subfield code="1">0</subfield>
    <subfield code="4">0</subfield>
    <subfield code="7">0</subfield>
    <subfield code="l">0</subfield>
    <subfield code="o">Kit #3</subfield>
    <subfield code="p">SH24</subfield>
    <subfield code="r">2019-07-16 00:00:00</subfield>
    <subfield code="y">MA</subfield>
  </datafield>
  <datafield tag="952" ind1=" " ind2=" ">
    <subfield code="0">0</subfield>
    <subfield code="1">0</subfield>
    <subfield code="4">0</subfield>
    <subfield code="7">0</subfield>
    <subfield code="l">0</subfield>
    <subfield code="o">Kit #3</subfield>
    <subfield code="p">SH25</subfield>
    <subfield code="r">2019-07-16 00:00:00</subfield>
    <subfield code="y">MA</subfield>
  </datafield>
  <datafield tag="952" ind1=" " ind2=" ">
    <subfield code="0">0</subfield>
    <subfield code="1">0</subfield>
    <subfield code="4">0</subfield>
    <subfield code="7">0</subfield>
    <subfield code="l">0</subfield>
    <subfield code="o">Kit #3</subfield>
    <subfield code="p">SH26</subfield>
    <subfield code="r">2019-07-16 00:00:00</subfield>
    <subfield code="y">MA</subfield>
  </datafield>
  <datafield tag="952" ind1=" " ind2=" ">
    <subfield code="0">0</subfield>
    <subfield code="1">0</subfield>
    <subfield code="4">0</subfield>
    <subfield code="7">0</subfield>
    <subfield code="l">0</subfield>
    <subfield code="o">Kit #3</subfield>
    <subfield code="p">SH27</subfield>
    <subfield code="r">2019-07-16 00:00:00</subfield>
    <subfield code="y">MA</subfield>
  </datafield>
  <datafield tag="952" ind1=" " ind2=" ">
    <subfield code="0">0</subfield>
    <subfield code="1">0</subfield>
    <subfield code="4">0</subfield>
    <subfield code="7">0</subfield>
    <subfield code="l">0</subfield>
    <subfield code="o">Kit #3</subfield>
    <subfield code="p">SH28</subfield>
    <subfield code="r">2019-07-16 00:00:00</subfield>
    <subfield code="y">MA</subfield>
  </datafield>
  <datafield tag="952" ind1=" " ind2=" ">
    <subfield code="0">0</subfield>
    <subfield code="1">0</subfield>
    <subfield code="4">0</subfield>
    <subfield code="7">0</subfield>
    <subfield code="l">0</subfield>
    <subfield code="o">Kit #3</subfield>
    <subfield code="p">SH29</subfield>
    <subfield code="r">2019-07-16 00:00:00</subfield>
    <subfield code="y">MA</subfield>
  </datafield>
  <datafield tag="952" ind1=" " ind2=" ">
    <subfield code="0">0</subfield>
    <subfield code="1">0</subfield>
    <subfield code="4">0</subfield>
    <subfield code="7">0</subfield>
    <subfield code="l">0</subfield>
    <subfield code="o">Kit #3</subfield>
    <subfield code="p">SH30</subfield>
    <subfield code="r">2019-07-16 00:00:00</subfield>
    <subfield code="y">MA</subfield>
  </datafield>
  <datafield tag="952" ind1=" " ind2=" ">
    <subfield code="0">0</subfield>
    <subfield code="1">0</subfield>
    <subfield code="4">0</subfield>
    <subfield code="7">0</subfield>
    <subfield code="l">0</subfield>
    <subfield code="o">Kit #3</subfield>
    <subfield code="p">SH31</subfield>
    <subfield code="r">2019-07-16 00:00:00</subfield>
    <subfield code="y">MA</subfield>
  </datafield>
  <datafield tag="952" ind1=" " ind2=" ">
    <subfield code="0">0</subfield>
    <subfield code="1">0</subfield>
    <subfield code="4">0</subfield>
    <subfield code="7">0</subfield>
    <subfield code="l">0</subfield>
    <subfield code="o">Kit #3</subfield>
    <subfield code="p">SH32</subfield>
    <subfield code="r">2019-07-16 00:00:00</subfield>
    <subfield code="y">MA</subfield>
  </datafield>
  <datafield tag="952" ind1=" " ind2=" ">
    <subfield code="0">0</subfield>
    <subfield code="1">0</subfield>
    <subfield code="4">0</subfield>
    <subfield code="7">0</subfield>
    <subfield code="l">0</subfield>
    <subfield code="o">Kit #3</subfield>
    <subfield code="p">SH33</subfield>
    <subfield code="r">2019-07-16 00:00:00</subfield>
    <subfield code="y">MA</subfield>
  </datafield>
  <datafield tag="952" ind1=" " ind2=" ">
    <subfield code="0">0</subfield>
    <subfield code="1">0</subfield>
    <subfield code="4">0</subfield>
    <subfield code="7">0</subfield>
    <subfield code="l">0</subfield>
    <subfield code="o">Kit #3</subfield>
    <subfield code="p">SH34</subfield>
    <subfield code="r">2019-07-16 00:00:00</subfield>
    <subfield code="y">MA</subfield>
  </datafield>
  <datafield tag="952" ind1=" " ind2=" ">
    <subfield code="0">0</subfield>
    <subfield code="1">0</subfield>
    <subfield code="4">0</subfield>
    <subfield code="7">0</subfield>
    <subfield code="l">0</subfield>
    <subfield code="o">Kit #3</subfield>
    <subfield code="p">SH35</subfield>
    <subfield code="r">2019-07-16 00:00:00</subfield>
    <subfield code="y">MA</subfield>
  </datafield>
  <datafield tag="952" ind1=" " ind2=" ">
    <subfield code="0">0</subfield>
    <subfield code="1">0</subfield>
    <subfield code="4">0</subfield>
    <subfield code="7">0</subfield>
    <subfield code="l">0</subfield>
    <subfield code="o">Kit #3</subfield>
    <subfield code="p">SH36</subfield>
    <subfield code="r">2019-07-16 00:00:00</subfield>
    <subfield code="y">MA</subfield>
  </datafield>
  <datafield tag="952" ind1=" " ind2=" ">
    <subfield code="0">0</subfield>
    <subfield code="1">0</subfield>
    <subfield code="4">0</subfield>
    <subfield code="7">0</subfield>
    <subfield code="l">0</subfield>
    <subfield code="o">Kit #3</subfield>
    <subfield code="p">SH37</subfield>
    <subfield code="r">2019-07-16 00:00:00</subfield>
    <subfield code="y">MA</subfield>
  </datafield>
  <datafield tag="952" ind1=" " ind2=" ">
    <subfield code="0">0</subfield>
    <subfield code="1">0</subfield>
    <subfield code="4">0</subfield>
    <subfield code="7">0</subfield>
    <subfield code="l">1</subfield>
    <subfield code="o">Kit #3</subfield>
    <subfield code="p">SH38</subfield>
    <subfield code="r">2019-07-19 00:00:00</subfield>
    <subfield code="s">2019-07-19</subfield>
    <subfield code="y">MA</subfield>
  </datafield>
  <datafield tag="952" ind1=" " ind2=" ">
    <subfield code="0">0</subfield>
    <subfield code="1">0</subfield>
    <subfield code="4">0</subfield>
    <subfield code="7">0</subfield>
    <subfield code="l">0</subfield>
    <subfield code="o">Kit #3</subfield>
    <subfield code="p">SH39</subfield>
    <subfield code="r">2019-07-16 00:00:00</subfield>
    <subfield code="y">MA</subfield>
  </datafield>
  <datafield tag="952" ind1=" " ind2=" ">
    <subfield code="0">0</subfield>
    <subfield code="1">0</subfield>
    <subfield code="4">0</subfield>
    <subfield code="7">0</subfield>
    <subfield code="l">0</subfield>
    <subfield code="o">Kit #3</subfield>
    <subfield code="p">SH40</subfield>
    <subfield code="r">2019-07-16 00:00:00</subfield>
    <subfield code="y">MA</subfield>
  </datafield>
  <datafield tag="952" ind1=" " ind2=" ">
    <subfield code="0">0</subfield>
    <subfield code="1">0</subfield>
    <subfield code="4">0</subfield>
    <subfield code="7">0</subfield>
    <subfield code="l">0</subfield>
    <subfield code="o">Kit #3</subfield>
    <subfield code="p">SH41</subfield>
    <subfield code="r">2019-07-16 00:00:00</subfield>
    <subfield code="y">MA</subfield>
  </datafield>
  <datafield tag="952" ind1=" " ind2=" ">
    <subfield code="0">0</subfield>
    <subfield code="1">0</subfield>
    <subfield code="4">0</subfield>
    <subfield code="7">0</subfield>
    <subfield code="l">0</subfield>
    <subfield code="o">Kit #3</subfield>
    <subfield code="p">SH42</subfield>
    <subfield code="r">2019-07-16 00:00:00</subfield>
    <subfield code="y">MA</subfield>
  </datafield>
  <datafield tag="952" ind1=" " ind2=" ">
    <subfield code="0">0</subfield>
    <subfield code="1">0</subfield>
    <subfield code="4">0</subfield>
    <subfield code="7">0</subfield>
    <subfield code="l">0</subfield>
    <subfield code="o">Kit #3</subfield>
    <subfield code="p">SH43</subfield>
    <subfield code="r">2019-07-16 00:00:00</subfield>
    <subfield code="y">MA</subfield>
  </datafield>
  <datafield tag="952" ind1=" " ind2=" ">
    <subfield code="0">0</subfield>
    <subfield code="1">0</subfield>
    <subfield code="4">0</subfield>
    <subfield code="7">0</subfield>
    <subfield code="l">0</subfield>
    <subfield code="o">Kit #3</subfield>
    <subfield code="p">SH44</subfield>
    <subfield code="r">2019-07-16 00:00:00</subfield>
    <subfield code="y">MA</subfield>
  </datafield>
  <datafield tag="952" ind1=" " ind2=" ">
    <subfield code="0">0</subfield>
    <subfield code="1">0</subfield>
    <subfield code="4">0</subfield>
    <subfield code="7">0</subfield>
    <subfield code="l">0</subfield>
    <subfield code="o">Kit #3</subfield>
    <subfield code="p">SH45</subfield>
    <subfield code="r">2019-07-16 00:00:00</subfield>
    <subfield code="y">MA</subfield>
  </datafield>
  <datafield tag="952" ind1=" " ind2=" ">
    <subfield code="0">0</subfield>
    <subfield code="1">0</subfield>
    <subfield code="4">0</subfield>
    <subfield code="7">0</subfield>
    <subfield code="l">0</subfield>
    <subfield code="o">Kit #3</subfield>
    <subfield code="p">SH46</subfield>
    <subfield code="r">2019-07-16 00:00:00</subfield>
    <subfield code="y">MA</subfield>
  </datafield>
  <datafield tag="952" ind1=" " ind2=" ">
    <subfield code="0">0</subfield>
    <subfield code="1">0</subfield>
    <subfield code="4">0</subfield>
    <subfield code="7">0</subfield>
    <subfield code="l">0</subfield>
    <subfield code="o">Kit #3</subfield>
    <subfield code="p">SH47</subfield>
    <subfield code="r">2019-07-16 00:00:00</subfield>
    <subfield code="y">MA</subfield>
  </datafield>
  <datafield tag="952" ind1=" " ind2=" ">
    <subfield code="0">0</subfield>
    <subfield code="1">0</subfield>
    <subfield code="4">0</subfield>
    <subfield code="7">0</subfield>
    <subfield code="l">2</subfield>
    <subfield code="o">Kit #3</subfield>
    <subfield code="p">SH48</subfield>
    <subfield code="r">2019-07-26 00:00:00</subfield>
    <subfield code="s">2019-07-26</subfield>
    <subfield code="y">MA</subfield>
  </datafield>
  <datafield tag="952" ind1=" " ind2=" ">
    <subfield code="0">0</subfield>
    <subfield code="1">0</subfield>
    <subfield code="4">0</subfield>
    <subfield code="7">0</subfield>
    <subfield code="l">0</subfield>
    <subfield code="o">Kit #3</subfield>
    <subfield code="p">SH49</subfield>
    <subfield code="r">2019-07-16 00:00:00</subfield>
    <subfield code="y">MA</subfield>
  </datafield>
  <datafield tag="952" ind1=" " ind2=" ">
    <subfield code="0">0</subfield>
    <subfield code="1">0</subfield>
    <subfield code="4">0</subfield>
    <subfield code="7">0</subfield>
    <subfield code="l">0</subfield>
    <subfield code="o">Kit #3</subfield>
    <subfield code="p">SH50</subfield>
    <subfield code="r">2019-07-16 00:00:00</subfield>
    <subfield code="y">MA</subfield>
  </datafield>
  <datafield tag="952" ind1=" " ind2=" ">
    <subfield code="0">0</subfield>
    <subfield code="1">0</subfield>
    <subfield code="4">0</subfield>
    <subfield code="7">0</subfield>
    <subfield code="l">0</subfield>
    <subfield code="o">Kit #3</subfield>
    <subfield code="p">SH51</subfield>
    <subfield code="r">2019-07-16 00:00:00</subfield>
    <subfield code="y">MA</subfield>
  </datafield>
  <datafield tag="952" ind1=" " ind2=" ">
    <subfield code="0">0</subfield>
    <subfield code="1">0</subfield>
    <subfield code="4">0</subfield>
    <subfield code="7">0</subfield>
    <subfield code="l">0</subfield>
    <subfield code="o">Kit #3</subfield>
    <subfield code="p">SH52</subfield>
    <subfield code="r">2019-07-16 00:00:00</subfield>
    <subfield code="y">MA</subfield>
  </datafield>
  <datafield tag="952" ind1=" " ind2=" ">
    <subfield code="0">0</subfield>
    <subfield code="1">0</subfield>
    <subfield code="4">0</subfield>
    <subfield code="7">0</subfield>
    <subfield code="l">0</subfield>
    <subfield code="o">Kit #3</subfield>
    <subfield code="p">SH53</subfield>
    <subfield code="r">2019-07-16 00:00:00</subfield>
    <subfield code="y">MA</subfield>
  </datafield>
  <datafield tag="952" ind1=" " ind2=" ">
    <subfield code="0">0</subfield>
    <subfield code="1">0</subfield>
    <subfield code="4">0</subfield>
    <subfield code="7">0</subfield>
    <subfield code="l">0</subfield>
    <subfield code="o">Kit #3</subfield>
    <subfield code="p">SH54</subfield>
    <subfield code="r">2019-07-16 00:00:00</subfield>
    <subfield code="y">MA</subfield>
  </datafield>
  <datafield tag="952" ind1=" " ind2=" ">
    <subfield code="0">0</subfield>
    <subfield code="1">0</subfield>
    <subfield code="4">0</subfield>
    <subfield code="7">0</subfield>
    <subfield code="l">0</subfield>
    <subfield code="o">Kit #3</subfield>
    <subfield code="p">SH55</subfield>
    <subfield code="r">2019-07-16 00:00:00</subfield>
    <subfield code="y">MA</subfield>
  </datafield>
  <datafield tag="952" ind1=" " ind2=" ">
    <subfield code="0">0</subfield>
    <subfield code="1">0</subfield>
    <subfield code="4">0</subfield>
    <subfield code="7">0</subfield>
    <subfield code="l">0</subfield>
    <subfield code="o">Kit #3</subfield>
    <subfield code="p">SH56</subfield>
    <subfield code="r">2019-07-16 00:00:00</subfield>
    <subfield code="y">MA</subfield>
  </datafield>
  <datafield tag="952" ind1=" " ind2=" ">
    <subfield code="0">0</subfield>
    <subfield code="1">0</subfield>
    <subfield code="4">0</subfield>
    <subfield code="7">0</subfield>
    <subfield code="l">0</subfield>
    <subfield code="o">Kit #3</subfield>
    <subfield code="p">SH57</subfield>
    <subfield code="r">2019-07-16 00:00:00</subfield>
    <subfield code="y">MA</subfield>
  </datafield>
  <datafield tag="952" ind1=" " ind2=" ">
    <subfield code="0">0</subfield>
    <subfield code="1">0</subfield>
    <subfield code="4">0</subfield>
    <subfield code="7">0</subfield>
    <subfield code="l">0</subfield>
    <subfield code="o">Kit #3</subfield>
    <subfield code="p">SH58</subfield>
    <subfield code="r">2019-07-16 00:00:00</subfield>
    <subfield code="y">MA</subfield>
  </datafield>
  <datafield tag="952" ind1=" " ind2=" ">
    <subfield code="0">0</subfield>
    <subfield code="1">0</subfield>
    <subfield code="4">0</subfield>
    <subfield code="7">0</subfield>
    <subfield code="l">0</subfield>
    <subfield code="o">Kit #3</subfield>
    <subfield code="p">SH59</subfield>
    <subfield code="r">2019-07-16 00:00:00</subfield>
    <subfield code="y">MA</subfield>
  </datafield>
  <datafield tag="952" ind1=" " ind2=" ">
    <subfield code="0">0</subfield>
    <subfield code="1">0</subfield>
    <subfield code="4">0</subfield>
    <subfield code="7">0</subfield>
    <subfield code="l">0</subfield>
    <subfield code="o">Kit #3</subfield>
    <subfield code="p">SH60</subfield>
    <subfield code="r">2019-07-16 00:00:00</subfield>
    <subfield code="y">MA</subfield>
  </datafield>
  <datafield tag="952" ind1=" " ind2=" ">
    <subfield code="0">0</subfield>
    <subfield code="1">0</subfield>
    <subfield code="4">0</subfield>
    <subfield code="7">0</subfield>
    <subfield code="l">0</subfield>
    <subfield code="o">Kit #3</subfield>
    <subfield code="p">SH61</subfield>
    <subfield code="r">2019-07-16 00:00:00</subfield>
    <subfield code="y">MA</subfield>
  </datafield>
  <datafield tag="952" ind1=" " ind2=" ">
    <subfield code="0">0</subfield>
    <subfield code="1">0</subfield>
    <subfield code="4">0</subfield>
    <subfield code="7">0</subfield>
    <subfield code="l">0</subfield>
    <subfield code="o">Kit #3</subfield>
    <subfield code="p">SH62</subfield>
    <subfield code="r">2019-07-16 00:00:00</subfield>
    <subfield code="y">MA</subfield>
  </datafield>
  <datafield tag="952" ind1=" " ind2=" ">
    <subfield code="0">0</subfield>
    <subfield code="1">0</subfield>
    <subfield code="4">0</subfield>
    <subfield code="7">0</subfield>
    <subfield code="l">0</subfield>
    <subfield code="o">Kit #3</subfield>
    <subfield code="p">SH63</subfield>
    <subfield code="r">2019-07-16 00:00:00</subfield>
    <subfield code="y">MA</subfield>
  </datafield>
  <datafield tag="952" ind1=" " ind2=" ">
    <subfield code="0">0</subfield>
    <subfield code="1">0</subfield>
    <subfield code="4">0</subfield>
    <subfield code="7">0</subfield>
    <subfield code="l">0</subfield>
    <subfield code="o">Kit #3</subfield>
    <subfield code="p">SH64</subfield>
    <subfield code="r">2019-07-16 00:00:00</subfield>
    <subfield code="y">MA</subfield>
  </datafield>
  <datafield tag="952" ind1=" " ind2=" ">
    <subfield code="0">0</subfield>
    <subfield code="1">0</subfield>
    <subfield code="4">0</subfield>
    <subfield code="7">0</subfield>
    <subfield code="l">0</subfield>
    <subfield code="o">Kit #3</subfield>
    <subfield code="p">SH65</subfield>
    <subfield code="r">2019-07-16 00:00:00</subfield>
    <subfield code="y">MA</subfield>
  </datafield>
  <datafield tag="952" ind1=" " ind2=" ">
    <subfield code="0">0</subfield>
    <subfield code="1">0</subfield>
    <subfield code="4">0</subfield>
    <subfield code="7">0</subfield>
    <subfield code="l">0</subfield>
    <subfield code="o">Kit #3</subfield>
    <subfield code="p">SH66</subfield>
    <subfield code="r">2019-07-16 00:00:00</subfield>
    <subfield code="y">MA</subfield>
  </datafield>
  <datafield tag="952" ind1=" " ind2=" ">
    <subfield code="0">0</subfield>
    <subfield code="1">0</subfield>
    <subfield code="4">0</subfield>
    <subfield code="7">0</subfield>
    <subfield code="l">0</subfield>
    <subfield code="o">Kit #3</subfield>
    <subfield code="p">SH67</subfield>
    <subfield code="r">2019-07-16 00:00:00</subfield>
    <subfield code="y">MA</subfield>
  </datafield>
  <datafield tag="952" ind1=" " ind2=" ">
    <subfield code="0">0</subfield>
    <subfield code="1">0</subfield>
    <subfield code="4">0</subfield>
    <subfield code="7">0</subfield>
    <subfield code="l">0</subfield>
    <subfield code="o">Kit #3</subfield>
    <subfield code="p">SH68</subfield>
    <subfield code="r">2019-07-16 00:00:00</subfield>
    <subfield code="y">MA</subfield>
  </datafield>
  <datafield tag="952" ind1=" " ind2=" ">
    <subfield code="0">0</subfield>
    <subfield code="1">0</subfield>
    <subfield code="4">0</subfield>
    <subfield code="7">0</subfield>
    <subfield code="l">0</subfield>
    <subfield code="o">Kit #3</subfield>
    <subfield code="p">SH69</subfield>
    <subfield code="r">2019-07-16 00:00:00</subfield>
    <subfield code="y">MA</subfield>
  </datafield>
  <datafield tag="952" ind1=" " ind2=" ">
    <subfield code="0">0</subfield>
    <subfield code="1">0</subfield>
    <subfield code="4">0</subfield>
    <subfield code="7">0</subfield>
    <subfield code="l">0</subfield>
    <subfield code="o">Kit #3</subfield>
    <subfield code="p">SH70</subfield>
    <subfield code="r">2019-07-16 00:00:00</subfield>
    <subfield code="y">MA</subfield>
  </datafield>
  <datafield tag="952" ind1=" " ind2=" ">
    <subfield code="0">0</subfield>
    <subfield code="1">0</subfield>
    <subfield code="4">0</subfield>
    <subfield code="7">0</subfield>
    <subfield code="l">0</subfield>
    <subfield code="o">Kit #3</subfield>
    <subfield code="p">SH71</subfield>
    <subfield code="r">2019-07-17 00:00:00</subfield>
    <subfield code="w">2019-07-17</subfield>
    <subfield code="y">MA</subfield>
  </datafield>
  <datafield tag="952" ind1=" " ind2=" ">
    <subfield code="0">0</subfield>
    <subfield code="1">0</subfield>
    <subfield code="4">0</subfield>
    <subfield code="7">0</subfield>
    <subfield code="l">0</subfield>
    <subfield code="o">Kit #3</subfield>
    <subfield code="p">SH72</subfield>
    <subfield code="r">2019-07-17 00:00:00</subfield>
    <subfield code="w">2019-07-17</subfield>
    <subfield code="y">MA</subfield>
  </datafield>
  <datafield tag="952" ind1=" " ind2=" ">
    <subfield code="0">0</subfield>
    <subfield code="1">0</subfield>
    <subfield code="4">0</subfield>
    <subfield code="7">0</subfield>
    <subfield code="l">0</subfield>
    <subfield code="o">Kit #3</subfield>
    <subfield code="p">SH73</subfield>
    <subfield code="r">2019-07-17 00:00:00</subfield>
    <subfield code="w">2019-07-17</subfield>
    <subfield code="y">MA</subfield>
  </datafield>
  <datafield tag="952" ind1=" " ind2=" ">
    <subfield code="0">0</subfield>
    <subfield code="1">0</subfield>
    <subfield code="4">0</subfield>
    <subfield code="7">0</subfield>
    <subfield code="l">0</subfield>
    <subfield code="o">Kit #3</subfield>
    <subfield code="p">SH74</subfield>
    <subfield code="r">2019-07-17 00:00:00</subfield>
    <subfield code="w">2019-07-17</subfield>
    <subfield code="y">MA</subfield>
  </datafield>
  <datafield tag="952" ind1=" " ind2=" ">
    <subfield code="0">0</subfield>
    <subfield code="1">0</subfield>
    <subfield code="4">0</subfield>
    <subfield code="7">0</subfield>
    <subfield code="l">0</subfield>
    <subfield code="o">Kit #3</subfield>
    <subfield code="p">SH75</subfield>
    <subfield code="r">2019-07-17 00:00:00</subfield>
    <subfield code="w">2019-07-17</subfield>
    <subfield code="y">MA</subfield>
  </datafield>
  <datafield tag="952" ind1=" " ind2=" ">
    <subfield code="0">0</subfield>
    <subfield code="1">0</subfield>
    <subfield code="4">0</subfield>
    <subfield code="7">0</subfield>
    <subfield code="l">0</subfield>
    <subfield code="o">Kit #3</subfield>
    <subfield code="p">SH76</subfield>
    <subfield code="r">2019-07-17 00:00:00</subfield>
    <subfield code="y">MA</subfield>
  </datafield>
  <datafield tag="952" ind1=" " ind2=" ">
    <subfield code="0">0</subfield>
    <subfield code="1">0</subfield>
    <subfield code="4">0</subfield>
    <subfield code="7">0</subfield>
    <subfield code="l">0</subfield>
    <subfield code="o">Kit #3</subfield>
    <subfield code="p">SH77</subfield>
    <subfield code="r">2019-07-17 00:00:00</subfield>
    <subfield code="w">2019-07-17</subfield>
    <subfield code="y">MA</subfield>
  </datafield>
  <datafield tag="952" ind1=" " ind2=" ">
    <subfield code="0">0</subfield>
    <subfield code="1">0</subfield>
    <subfield code="4">0</subfield>
    <subfield code="7">0</subfield>
    <subfield code="l">0</subfield>
    <subfield code="o">Kit #3</subfield>
    <subfield code="p">SH78</subfield>
    <subfield code="r">2019-07-17 00:00:00</subfield>
    <subfield code="w">2019-07-17</subfield>
    <subfield code="y">MA</subfield>
  </datafield>
  <datafield tag="952" ind1=" " ind2=" ">
    <subfield code="0">0</subfield>
    <subfield code="1">0</subfield>
    <subfield code="4">0</subfield>
    <subfield code="7">0</subfield>
    <subfield code="l">0</subfield>
    <subfield code="o">Kit #3</subfield>
    <subfield code="p">SH79</subfield>
    <subfield code="r">2019-07-17 00:00:00</subfield>
    <subfield code="w">2019-07-17</subfield>
    <subfield code="y">MA</subfield>
  </datafield>
  <datafield tag="952" ind1=" " ind2=" ">
    <subfield code="0">0</subfield>
    <subfield code="1">0</subfield>
    <subfield code="4">0</subfield>
    <subfield code="7">0</subfield>
    <subfield code="l">0</subfield>
    <subfield code="o">Kit #3</subfield>
    <subfield code="p">SH80</subfield>
    <subfield code="r">2019-07-17 00:00:00</subfield>
    <subfield code="w">2019-07-17</subfield>
    <subfield code="y">MA</subfield>
  </datafield>
  <datafield tag="952" ind1=" " ind2=" ">
    <subfield code="0">0</subfield>
    <subfield code="1">0</subfield>
    <subfield code="4">0</subfield>
    <subfield code="7">0</subfield>
    <subfield code="l">0</subfield>
    <subfield code="o">Kit #3</subfield>
    <subfield code="p">SH81</subfield>
    <subfield code="r">2019-07-17 00:00:00</subfield>
    <subfield code="w">2019-07-17</subfield>
    <subfield code="y">MA</subfield>
  </datafield>
  <datafield tag="952" ind1=" " ind2=" ">
    <subfield code="0">0</subfield>
    <subfield code="1">0</subfield>
    <subfield code="4">0</subfield>
    <subfield code="7">0</subfield>
    <subfield code="l">1</subfield>
    <subfield code="o">Kit #3</subfield>
    <subfield code="p">SH82</subfield>
    <subfield code="r">2023-06-09 00:00:00</subfield>
    <subfield code="s">2023-06-09</subfield>
    <subfield code="w">2019-07-17</subfield>
    <subfield code="y">MA</subfield>
  </datafield>
  <datafield tag="952" ind1=" " ind2=" ">
    <subfield code="0">0</subfield>
    <subfield code="1">0</subfield>
    <subfield code="4">0</subfield>
    <subfield code="7">0</subfield>
    <subfield code="l">0</subfield>
    <subfield code="o">Kit #3</subfield>
    <subfield code="p">SH83</subfield>
    <subfield code="r">2019-07-17 00:00:00</subfield>
    <subfield code="w">2019-07-17</subfield>
    <subfield code="y">MA</subfield>
  </datafield>
  <datafield tag="952" ind1=" " ind2=" ">
    <subfield code="0">0</subfield>
    <subfield code="1">0</subfield>
    <subfield code="4">0</subfield>
    <subfield code="7">0</subfield>
    <subfield code="l">0</subfield>
    <subfield code="o">Kit #3</subfield>
    <subfield code="p">SH84</subfield>
    <subfield code="r">2019-07-17 00:00:00</subfield>
    <subfield code="w">2019-07-17</subfield>
    <subfield code="y">MA</subfield>
  </datafield>
  <datafield tag="952" ind1=" " ind2=" ">
    <subfield code="0">0</subfield>
    <subfield code="1">0</subfield>
    <subfield code="4">0</subfield>
    <subfield code="7">0</subfield>
    <subfield code="l">0</subfield>
    <subfield code="o">Kit #3</subfield>
    <subfield code="p">SH85</subfield>
    <subfield code="r">2019-07-17 00:00:00</subfield>
    <subfield code="w">2019-07-17</subfield>
    <subfield code="y">MA</subfield>
  </datafield>
  <datafield tag="952" ind1=" " ind2=" ">
    <subfield code="0">0</subfield>
    <subfield code="1">0</subfield>
    <subfield code="4">0</subfield>
    <subfield code="7">0</subfield>
    <subfield code="l">0</subfield>
    <subfield code="o">Kit #3</subfield>
    <subfield code="p">SH86</subfield>
    <subfield code="r">2019-07-17 00:00:00</subfield>
    <subfield code="w">2019-07-17</subfield>
    <subfield code="y">MA</subfield>
  </datafield>
  <datafield tag="952" ind1=" " ind2=" ">
    <subfield code="0">0</subfield>
    <subfield code="1">0</subfield>
    <subfield code="4">0</subfield>
    <subfield code="7">0</subfield>
    <subfield code="l">0</subfield>
    <subfield code="o">Kit #3</subfield>
    <subfield code="p">SH87</subfield>
    <subfield code="r">2019-07-17 00:00:00</subfield>
    <subfield code="w">2019-07-17</subfield>
    <subfield code="y">MA</subfield>
  </datafield>
  <datafield tag="952" ind1=" " ind2=" ">
    <subfield code="0">0</subfield>
    <subfield code="1">0</subfield>
    <subfield code="4">0</subfield>
    <subfield code="7">0</subfield>
    <subfield code="l">0</subfield>
    <subfield code="o">Kit #3</subfield>
    <subfield code="p">SH88</subfield>
    <subfield code="r">2019-07-17 00:00:00</subfield>
    <subfield code="w">2019-07-17</subfield>
    <subfield code="y">MA</subfield>
  </datafield>
  <datafield tag="952" ind1=" " ind2=" ">
    <subfield code="0">0</subfield>
    <subfield code="1">0</subfield>
    <subfield code="4">0</subfield>
    <subfield code="7">0</subfield>
    <subfield code="l">0</subfield>
    <subfield code="o">Kit #3</subfield>
    <subfield code="p">SH89</subfield>
    <subfield code="r">2019-07-17 00:00:00</subfield>
    <subfield code="w">2019-07-17</subfield>
    <subfield code="y">MA</subfield>
  </datafield>
  <datafield tag="952" ind1=" " ind2=" ">
    <subfield code="0">0</subfield>
    <subfield code="1">0</subfield>
    <subfield code="4">0</subfield>
    <subfield code="7">0</subfield>
    <subfield code="l">0</subfield>
    <subfield code="o">Kit #3</subfield>
    <subfield code="p">SH90</subfield>
    <subfield code="r">2019-07-17 00:00:00</subfield>
    <subfield code="w">2019-07-17</subfield>
    <subfield code="y">MA</subfield>
  </datafield>
  <datafield tag="952" ind1=" " ind2=" ">
    <subfield code="0">0</subfield>
    <subfield code="1">0</subfield>
    <subfield code="4">0</subfield>
    <subfield code="7">0</subfield>
    <subfield code="l">0</subfield>
    <subfield code="o">Kit #3</subfield>
    <subfield code="p">SH91</subfield>
    <subfield code="r">2019-07-17 00:00:00</subfield>
    <subfield code="w">2019-07-17</subfield>
    <subfield code="y">MA</subfield>
  </datafield>
  <datafield tag="952" ind1=" " ind2=" ">
    <subfield code="0">0</subfield>
    <subfield code="1">0</subfield>
    <subfield code="4">0</subfield>
    <subfield code="7">0</subfield>
    <subfield code="l">0</subfield>
    <subfield code="o">Kit #3</subfield>
    <subfield code="p">SH92</subfield>
    <subfield code="r">2019-07-17 00:00:00</subfield>
    <subfield code="w">2019-07-17</subfield>
    <subfield code="y">MA</subfield>
  </datafield>
  <datafield tag="952" ind1=" " ind2=" ">
    <subfield code="0">0</subfield>
    <subfield code="1">0</subfield>
    <subfield code="4">0</subfield>
    <subfield code="7">0</subfield>
    <subfield code="l">0</subfield>
    <subfield code="o">Kit #3</subfield>
    <subfield code="p">SH93</subfield>
    <subfield code="r">2019-07-17 00:00:00</subfield>
    <subfield code="w">2019-07-17</subfield>
    <subfield code="y">MA</subfield>
  </datafield>
  <datafield tag="952" ind1=" " ind2=" ">
    <subfield code="0">0</subfield>
    <subfield code="1">0</subfield>
    <subfield code="4">0</subfield>
    <subfield code="7">0</subfield>
    <subfield code="l">0</subfield>
    <subfield code="o">Kit #3</subfield>
    <subfield code="p">SH94</subfield>
    <subfield code="r">2019-07-17 00:00:00</subfield>
    <subfield code="w">2019-07-17</subfield>
    <subfield code="y">MA</subfield>
  </datafield>
  <datafield tag="952" ind1=" " ind2=" ">
    <subfield code="0">0</subfield>
    <subfield code="1">0</subfield>
    <subfield code="4">0</subfield>
    <subfield code="7">0</subfield>
    <subfield code="l">0</subfield>
    <subfield code="o">Kit #3</subfield>
    <subfield code="p">SH95</subfield>
    <subfield code="r">2019-07-17 00:00:00</subfield>
    <subfield code="w">2019-07-17</subfield>
    <subfield code="y">MA</subfield>
  </datafield>
  <datafield tag="952" ind1=" " ind2=" ">
    <subfield code="0">0</subfield>
    <subfield code="1">0</subfield>
    <subfield code="4">0</subfield>
    <subfield code="7">0</subfield>
    <subfield code="l">0</subfield>
    <subfield code="o">Kit #3</subfield>
    <subfield code="p">SH96</subfield>
    <subfield code="r">2019-07-17 00:00:00</subfield>
    <subfield code="w">2019-07-17</subfield>
    <subfield code="y">MA</subfield>
  </datafield>
  <datafield tag="952" ind1=" " ind2=" ">
    <subfield code="0">0</subfield>
    <subfield code="1">0</subfield>
    <subfield code="4">0</subfield>
    <subfield code="7">0</subfield>
    <subfield code="l">0</subfield>
    <subfield code="o">Kit #3</subfield>
    <subfield code="p">SH97</subfield>
    <subfield code="r">2019-07-17 00:00:00</subfield>
    <subfield code="w">2019-07-17</subfield>
    <subfield code="y">MA</subfield>
  </datafield>
  <datafield tag="952" ind1=" " ind2=" ">
    <subfield code="0">0</subfield>
    <subfield code="1">0</subfield>
    <subfield code="4">0</subfield>
    <subfield code="7">0</subfield>
    <subfield code="l">0</subfield>
    <subfield code="o">Kit #3</subfield>
    <subfield code="p">SH98</subfield>
    <subfield code="r">2019-07-17 00:00:00</subfield>
    <subfield code="w">2019-07-17</subfield>
    <subfield code="y">MA</subfield>
  </datafield>
  <datafield tag="952" ind1=" " ind2=" ">
    <subfield code="0">0</subfield>
    <subfield code="1">0</subfield>
    <subfield code="4">0</subfield>
    <subfield code="7">0</subfield>
    <subfield code="l">0</subfield>
    <subfield code="o">Kit #3</subfield>
    <subfield code="p">SH99</subfield>
    <subfield code="r">2019-07-17 00:00:00</subfield>
    <subfield code="w">2019-07-17</subfield>
    <subfield code="y">MA</subfield>
  </datafield>
  <datafield tag="952" ind1=" " ind2=" ">
    <subfield code="0">0</subfield>
    <subfield code="1">0</subfield>
    <subfield code="4">0</subfield>
    <subfield code="7">0</subfield>
    <subfield code="l">0</subfield>
    <subfield code="o">Kit #3</subfield>
    <subfield code="p">SH100</subfield>
    <subfield code="r">2019-07-17 00:00:00</subfield>
    <subfield code="w">2019-07-17</subfield>
    <subfield code="y">MA</subfield>
  </datafield>
  <datafield tag="952" ind1=" " ind2=" ">
    <subfield code="0">0</subfield>
    <subfield code="1">0</subfield>
    <subfield code="4">0</subfield>
    <subfield code="7">0</subfield>
    <subfield code="l">0</subfield>
    <subfield code="o">Kit #3</subfield>
    <subfield code="p">SH101</subfield>
    <subfield code="r">2019-07-17 00:00:00</subfield>
    <subfield code="w">2019-07-17</subfield>
    <subfield code="y">MA</subfield>
  </datafield>
  <datafield tag="952" ind1=" " ind2=" ">
    <subfield code="0">0</subfield>
    <subfield code="1">0</subfield>
    <subfield code="4">0</subfield>
    <subfield code="7">0</subfield>
    <subfield code="l">0</subfield>
    <subfield code="o">Kit #3</subfield>
    <subfield code="p">SH102</subfield>
    <subfield code="r">2019-07-17 00:00:00</subfield>
    <subfield code="w">2019-07-17</subfield>
    <subfield code="y">MA</subfield>
  </datafield>
  <datafield tag="952" ind1=" " ind2=" ">
    <subfield code="0">0</subfield>
    <subfield code="1">0</subfield>
    <subfield code="4">0</subfield>
    <subfield code="7">0</subfield>
    <subfield code="l">0</subfield>
    <subfield code="o">Kit #3</subfield>
    <subfield code="p">SH103</subfield>
    <subfield code="r">2019-07-17 00:00:00</subfield>
    <subfield code="w">2019-07-17</subfield>
    <subfield code="y">MA</subfield>
  </datafield>
  <datafield tag="952" ind1=" " ind2=" ">
    <subfield code="0">0</subfield>
    <subfield code="1">0</subfield>
    <subfield code="4">0</subfield>
    <subfield code="7">0</subfield>
    <subfield code="l">0</subfield>
    <subfield code="o">Kit #3</subfield>
    <subfield code="p">SH104</subfield>
    <subfield code="r">2019-07-17 00:00:00</subfield>
    <subfield code="w">2019-07-17</subfield>
    <subfield code="y">MA</subfield>
  </datafield>
  <datafield tag="952" ind1=" " ind2=" ">
    <subfield code="0">0</subfield>
    <subfield code="1">0</subfield>
    <subfield code="4">0</subfield>
    <subfield code="7">0</subfield>
    <subfield code="l">0</subfield>
    <subfield code="o">Kit #3</subfield>
    <subfield code="p">SH105</subfield>
    <subfield code="r">2019-07-17 00:00:00</subfield>
    <subfield code="w">2019-07-17</subfield>
    <subfield code="y">MA</subfield>
  </datafield>
  <datafield tag="952" ind1=" " ind2=" ">
    <subfield code="0">0</subfield>
    <subfield code="1">0</subfield>
    <subfield code="4">0</subfield>
    <subfield code="7">0</subfield>
    <subfield code="l">0</subfield>
    <subfield code="o">Kit #3</subfield>
    <subfield code="p">SH106</subfield>
    <subfield code="r">2019-07-17 00:00:00</subfield>
    <subfield code="w">2019-07-17</subfield>
    <subfield code="y">MA</subfield>
  </datafield>
  <datafield tag="952" ind1=" " ind2=" ">
    <subfield code="0">0</subfield>
    <subfield code="1">0</subfield>
    <subfield code="4">0</subfield>
    <subfield code="7">0</subfield>
    <subfield code="l">0</subfield>
    <subfield code="o">Kit #3</subfield>
    <subfield code="p">SH107</subfield>
    <subfield code="r">2019-07-17 00:00:00</subfield>
    <subfield code="w">2019-07-17</subfield>
    <subfield code="y">MA</subfield>
  </datafield>
  <datafield tag="952" ind1=" " ind2=" ">
    <subfield code="0">0</subfield>
    <subfield code="1">0</subfield>
    <subfield code="4">0</subfield>
    <subfield code="7">0</subfield>
    <subfield code="l">0</subfield>
    <subfield code="o">Kit #3</subfield>
    <subfield code="p">SH108</subfield>
    <subfield code="r">2019-07-17 00:00:00</subfield>
    <subfield code="w">2019-07-17</subfield>
    <subfield code="y">MA</subfield>
  </datafield>
  <datafield tag="952" ind1=" " ind2=" ">
    <subfield code="0">0</subfield>
    <subfield code="1">0</subfield>
    <subfield code="4">0</subfield>
    <subfield code="7">0</subfield>
    <subfield code="l">0</subfield>
    <subfield code="o">Kit #3</subfield>
    <subfield code="p">SH109</subfield>
    <subfield code="r">2019-07-17 00:00:00</subfield>
    <subfield code="w">2019-07-17</subfield>
    <subfield code="y">MA</subfield>
  </datafield>
  <datafield tag="952" ind1=" " ind2=" ">
    <subfield code="0">0</subfield>
    <subfield code="1">0</subfield>
    <subfield code="4">0</subfield>
    <subfield code="7">0</subfield>
    <subfield code="l">0</subfield>
    <subfield code="o">Kit #3</subfield>
    <subfield code="p">SH110</subfield>
    <subfield code="r">2019-07-17 00:00:00</subfield>
    <subfield code="w">2019-07-17</subfield>
    <subfield code="y">MA</subfield>
  </datafield>
  <datafield tag="952" ind1=" " ind2=" ">
    <subfield code="0">0</subfield>
    <subfield code="1">0</subfield>
    <subfield code="4">0</subfield>
    <subfield code="7">0</subfield>
    <subfield code="l">0</subfield>
    <subfield code="o">Kit #3</subfield>
    <subfield code="p">SH111</subfield>
    <subfield code="r">2019-07-17 00:00:00</subfield>
    <subfield code="w">2019-07-17</subfield>
    <subfield code="y">MA</subfield>
  </datafield>
  <datafield tag="952" ind1=" " ind2=" ">
    <subfield code="0">0</subfield>
    <subfield code="1">0</subfield>
    <subfield code="4">0</subfield>
    <subfield code="7">0</subfield>
    <subfield code="l">0</subfield>
    <subfield code="o">Kit #3</subfield>
    <subfield code="p">SH112</subfield>
    <subfield code="r">2019-07-17 00:00:00</subfield>
    <subfield code="w">2019-07-17</subfield>
    <subfield code="y">MA</subfield>
  </datafield>
  <datafield tag="952" ind1=" " ind2=" ">
    <subfield code="0">0</subfield>
    <subfield code="1">0</subfield>
    <subfield code="4">0</subfield>
    <subfield code="7">0</subfield>
    <subfield code="l">0</subfield>
    <subfield code="o">Kit #3</subfield>
    <subfield code="p">SH113</subfield>
    <subfield code="r">2019-07-17 00:00:00</subfield>
    <subfield code="w">2019-07-17</subfield>
    <subfield code="y">MA</subfield>
  </datafield>
  <datafield tag="952" ind1=" " ind2=" ">
    <subfield code="0">0</subfield>
    <subfield code="1">0</subfield>
    <subfield code="4">0</subfield>
    <subfield code="7">0</subfield>
    <subfield code="l">0</subfield>
    <subfield code="o">Kit #3</subfield>
    <subfield code="p">SH114</subfield>
    <subfield code="r">2019-07-17 00:00:00</subfield>
    <subfield code="w">2019-07-17</subfield>
    <subfield code="y">MA</subfield>
  </datafield>
  <datafield tag="952" ind1=" " ind2=" ">
    <subfield code="0">0</subfield>
    <subfield code="1">0</subfield>
    <subfield code="4">0</subfield>
    <subfield code="7">0</subfield>
    <subfield code="l">0</subfield>
    <subfield code="o">Kit #3</subfield>
    <subfield code="p">SH115</subfield>
    <subfield code="r">2019-07-17 00:00:00</subfield>
    <subfield code="w">2019-07-17</subfield>
    <subfield code="y">MA</subfield>
  </datafield>
  <datafield tag="952" ind1=" " ind2=" ">
    <subfield code="0">0</subfield>
    <subfield code="1">0</subfield>
    <subfield code="4">0</subfield>
    <subfield code="7">0</subfield>
    <subfield code="l">0</subfield>
    <subfield code="o">Kit #3</subfield>
    <subfield code="p">SH116</subfield>
    <subfield code="r">2019-07-17 00:00:00</subfield>
    <subfield code="w">2019-07-17</subfield>
    <subfield code="y">MA</subfield>
  </datafield>
  <datafield tag="952" ind1=" " ind2=" ">
    <subfield code="0">0</subfield>
    <subfield code="1">0</subfield>
    <subfield code="4">0</subfield>
    <subfield code="7">0</subfield>
    <subfield code="l">0</subfield>
    <subfield code="o">Kit #3</subfield>
    <subfield code="p">SH117</subfield>
    <subfield code="r">2019-07-17 00:00:00</subfield>
    <subfield code="w">2019-07-17</subfield>
    <subfield code="y">MA</subfield>
  </datafield>
  <datafield tag="952" ind1=" " ind2=" ">
    <subfield code="0">0</subfield>
    <subfield code="1">0</subfield>
    <subfield code="4">0</subfield>
    <subfield code="7">0</subfield>
    <subfield code="l">0</subfield>
    <subfield code="o">Kit #3</subfield>
    <subfield code="p">SH118</subfield>
    <subfield code="r">2019-07-17 00:00:00</subfield>
    <subfield code="w">2019-07-17</subfield>
    <subfield code="y">MA</subfield>
  </datafield>
  <datafield tag="952" ind1=" " ind2=" ">
    <subfield code="0">0</subfield>
    <subfield code="1">0</subfield>
    <subfield code="4">0</subfield>
    <subfield code="7">0</subfield>
    <subfield code="l">1</subfield>
    <subfield code="o">Kit #3</subfield>
    <subfield code="p">SH119</subfield>
    <subfield code="r">2023-11-10 10:24:07</subfield>
    <subfield code="s">2023-11-10</subfield>
    <subfield code="w">2019-07-17</subfield>
    <subfield code="y">MA</subfield>
  </datafield>
  <datafield tag="952" ind1=" " ind2=" ">
    <subfield code="0">0</subfield>
    <subfield code="1">0</subfield>
    <subfield code="4">0</subfield>
    <subfield code="7">0</subfield>
    <subfield code="l">1</subfield>
    <subfield code="o">Kit #3</subfield>
    <subfield code="p">SH120</subfield>
    <subfield code="r">2023-11-10 10:24:09</subfield>
    <subfield code="s">2023-11-10</subfield>
    <subfield code="w">2019-07-17</subfield>
    <subfield code="y">MA</subfield>
  </datafield>
  <datafield tag="952" ind1=" " ind2=" ">
    <subfield code="0">0</subfield>
    <subfield code="1">0</subfield>
    <subfield code="4">0</subfield>
    <subfield code="7">0</subfield>
    <subfield code="l">2</subfield>
    <subfield code="o">Kit #3</subfield>
    <subfield code="p">SH121</subfield>
    <subfield code="r">2023-11-10 10:24:11</subfield>
    <subfield code="s">2023-11-10</subfield>
    <subfield code="w">2019-07-17</subfield>
    <subfield code="y">MA</subfield>
  </datafield>
  <datafield tag="952" ind1=" " ind2=" ">
    <subfield code="0">0</subfield>
    <subfield code="1">0</subfield>
    <subfield code="4">0</subfield>
    <subfield code="7">0</subfield>
    <subfield code="l">0</subfield>
    <subfield code="o">Kit #3</subfield>
    <subfield code="p">SH122</subfield>
    <subfield code="r">2019-07-17 00:00:00</subfield>
    <subfield code="w">2019-07-17</subfield>
    <subfield code="y">MA</subfield>
  </datafield>
  <datafield tag="952" ind1=" " ind2=" ">
    <subfield code="0">0</subfield>
    <subfield code="1">0</subfield>
    <subfield code="4">0</subfield>
    <subfield code="7">0</subfield>
    <subfield code="l">0</subfield>
    <subfield code="o">Kit #3</subfield>
    <subfield code="p">SH123</subfield>
    <subfield code="r">2019-07-17 00:00:00</subfield>
    <subfield code="w">2019-07-17</subfield>
    <subfield code="y">MA</subfield>
  </datafield>
  <datafield tag="952" ind1=" " ind2=" ">
    <subfield code="0">0</subfield>
    <subfield code="1">0</subfield>
    <subfield code="4">0</subfield>
    <subfield code="7">0</subfield>
    <subfield code="l">0</subfield>
    <subfield code="o">Kit #3</subfield>
    <subfield code="p">SH124</subfield>
    <subfield code="r">2019-07-17 00:00:00</subfield>
    <subfield code="w">2019-07-17</subfield>
    <subfield code="y">MA</subfield>
  </datafield>
  <datafield tag="952" ind1=" " ind2=" ">
    <subfield code="0">0</subfield>
    <subfield code="1">0</subfield>
    <subfield code="4">0</subfield>
    <subfield code="7">0</subfield>
    <subfield code="l">0</subfield>
    <subfield code="o">Kit #3</subfield>
    <subfield code="p">SH125</subfield>
    <subfield code="r">2019-07-17 00:00:00</subfield>
    <subfield code="w">2019-07-17</subfield>
    <subfield code="y">MA</subfield>
  </datafield>
  <datafield tag="952" ind1=" " ind2=" ">
    <subfield code="0">0</subfield>
    <subfield code="1">0</subfield>
    <subfield code="4">0</subfield>
    <subfield code="7">0</subfield>
    <subfield code="l">0</subfield>
    <subfield code="o">Kit #3</subfield>
    <subfield code="p">SH126</subfield>
    <subfield code="r">2019-07-17 00:00:00</subfield>
    <subfield code="w">2019-07-17</subfield>
    <subfield code="y">MA</subfield>
  </datafield>
  <datafield tag="952" ind1=" " ind2=" ">
    <subfield code="0">0</subfield>
    <subfield code="1">0</subfield>
    <subfield code="4">0</subfield>
    <subfield code="7">0</subfield>
    <subfield code="l">0</subfield>
    <subfield code="o">Kit #3</subfield>
    <subfield code="p">SH127</subfield>
    <subfield code="r">2019-07-17 00:00:00</subfield>
    <subfield code="w">2019-07-17</subfield>
    <subfield code="y">MA</subfield>
  </datafield>
  <datafield tag="952" ind1=" " ind2=" ">
    <subfield code="0">0</subfield>
    <subfield code="1">0</subfield>
    <subfield code="4">0</subfield>
    <subfield code="7">0</subfield>
    <subfield code="l">0</subfield>
    <subfield code="o">Kit #3</subfield>
    <subfield code="p">SH128</subfield>
    <subfield code="r">2019-07-17 00:00:00</subfield>
    <subfield code="w">2019-07-17</subfield>
    <subfield code="y">MA</subfield>
  </datafield>
  <datafield tag="952" ind1=" " ind2=" ">
    <subfield code="0">0</subfield>
    <subfield code="1">0</subfield>
    <subfield code="4">0</subfield>
    <subfield code="7">0</subfield>
    <subfield code="l">0</subfield>
    <subfield code="o">Kit #3</subfield>
    <subfield code="p">SH129</subfield>
    <subfield code="r">2019-07-17 00:00:00</subfield>
    <subfield code="w">2019-07-17</subfield>
    <subfield code="y">MA</subfield>
  </datafield>
  <datafield tag="952" ind1=" " ind2=" ">
    <subfield code="0">0</subfield>
    <subfield code="1">0</subfield>
    <subfield code="4">0</subfield>
    <subfield code="7">0</subfield>
    <subfield code="l">0</subfield>
    <subfield code="o">Kit #3</subfield>
    <subfield code="p">SH130</subfield>
    <subfield code="r">2019-07-17 00:00:00</subfield>
    <subfield code="w">2019-07-17</subfield>
    <subfield code="y">MA</subfield>
  </datafield>
  <datafield tag="952" ind1=" " ind2=" ">
    <subfield code="0">0</subfield>
    <subfield code="1">0</subfield>
    <subfield code="4">0</subfield>
    <subfield code="7">0</subfield>
    <subfield code="l">0</subfield>
    <subfield code="o">Kit #3</subfield>
    <subfield code="p">SH131</subfield>
    <subfield code="r">2019-07-17 00:00:00</subfield>
    <subfield code="w">2019-07-17</subfield>
    <subfield code="y">MA</subfield>
  </datafield>
  <datafield tag="952" ind1=" " ind2=" ">
    <subfield code="0">0</subfield>
    <subfield code="1">0</subfield>
    <subfield code="4">0</subfield>
    <subfield code="7">0</subfield>
    <subfield code="l">0</subfield>
    <subfield code="o">Kit #3</subfield>
    <subfield code="p">SH132</subfield>
    <subfield code="r">2019-07-17 00:00:00</subfield>
    <subfield code="w">2019-07-17</subfield>
    <subfield code="y">MA</subfield>
  </datafield>
  <datafield tag="952" ind1=" " ind2=" ">
    <subfield code="0">0</subfield>
    <subfield code="1">0</subfield>
    <subfield code="4">0</subfield>
    <subfield code="7">0</subfield>
    <subfield code="l">0</subfield>
    <subfield code="o">Kit #3</subfield>
    <subfield code="p">SH133</subfield>
    <subfield code="r">2019-07-17 00:00:00</subfield>
    <subfield code="w">2019-07-17</subfield>
    <subfield code="y">MA</subfield>
  </datafield>
  <datafield tag="952" ind1=" " ind2=" ">
    <subfield code="0">0</subfield>
    <subfield code="1">0</subfield>
    <subfield code="4">0</subfield>
    <subfield code="7">0</subfield>
    <subfield code="l">0</subfield>
    <subfield code="o">Kit #3</subfield>
    <subfield code="p">SH134</subfield>
    <subfield code="r">2019-07-17 00:00:00</subfield>
    <subfield code="w">2019-07-17</subfield>
    <subfield code="y">MA</subfield>
  </datafield>
  <datafield tag="952" ind1=" " ind2=" ">
    <subfield code="0">0</subfield>
    <subfield code="1">0</subfield>
    <subfield code="4">0</subfield>
    <subfield code="7">0</subfield>
    <subfield code="l">0</subfield>
    <subfield code="o">Kit #3</subfield>
    <subfield code="p">SH135</subfield>
    <subfield code="r">2019-07-17 00:00:00</subfield>
    <subfield code="w">2019-07-17</subfield>
    <subfield code="y">MA</subfield>
  </datafield>
  <datafield tag="952" ind1=" " ind2=" ">
    <subfield code="0">0</subfield>
    <subfield code="1">0</subfield>
    <subfield code="4">0</subfield>
    <subfield code="7">0</subfield>
    <subfield code="l">2</subfield>
    <subfield code="o">Kit #3</subfield>
    <subfield code="p">SH136</subfield>
    <subfield code="r">2024-07-12 11:43:33</subfield>
    <subfield code="s">2024-07-12</subfield>
    <subfield code="w">2019-07-17</subfield>
    <subfield code="y">MA</subfield>
  </datafield>
  <datafield tag="952" ind1=" " ind2=" ">
    <subfield code="0">0</subfield>
    <subfield code="1">0</subfield>
    <subfield code="4">0</subfield>
    <subfield code="7">0</subfield>
    <subfield code="l">0</subfield>
    <subfield code="o">Kit #3</subfield>
    <subfield code="p">SH137</subfield>
    <subfield code="r">2019-07-17 00:00:00</subfield>
    <subfield code="w">2019-07-17</subfield>
    <subfield code="y">MA</subfield>
  </datafield>
  <datafield tag="952" ind1=" " ind2=" ">
    <subfield code="0">0</subfield>
    <subfield code="1">0</subfield>
    <subfield code="4">0</subfield>
    <subfield code="7">0</subfield>
    <subfield code="l">0</subfield>
    <subfield code="o">Kit #3</subfield>
    <subfield code="p">SH138</subfield>
    <subfield code="r">2019-07-17 00:00:00</subfield>
    <subfield code="w">2019-07-17</subfield>
    <subfield code="y">MA</subfield>
  </datafield>
  <datafield tag="952" ind1=" " ind2=" ">
    <subfield code="0">0</subfield>
    <subfield code="1">0</subfield>
    <subfield code="4">0</subfield>
    <subfield code="7">0</subfield>
    <subfield code="l">0</subfield>
    <subfield code="o">Kit #3</subfield>
    <subfield code="p">SH139</subfield>
    <subfield code="r">2019-07-17 00:00:00</subfield>
    <subfield code="w">2019-07-17</subfield>
    <subfield code="y">MA</subfield>
  </datafield>
  <datafield tag="952" ind1=" " ind2=" ">
    <subfield code="0">0</subfield>
    <subfield code="1">0</subfield>
    <subfield code="4">0</subfield>
    <subfield code="7">0</subfield>
    <subfield code="l">0</subfield>
    <subfield code="o">Kit #3</subfield>
    <subfield code="p">SH140</subfield>
    <subfield code="r">2019-07-17 00:00:00</subfield>
    <subfield code="w">2019-07-17</subfield>
    <subfield code="y">MA</subfield>
  </datafield>
  <datafield tag="952" ind1=" " ind2=" ">
    <subfield code="0">0</subfield>
    <subfield code="1">0</subfield>
    <subfield code="4">0</subfield>
    <subfield code="7">0</subfield>
    <subfield code="l">0</subfield>
    <subfield code="o">Kit #3</subfield>
    <subfield code="p">SH141</subfield>
    <subfield code="r">2019-07-17 00:00:00</subfield>
    <subfield code="w">2019-07-17</subfield>
    <subfield code="y">MA</subfield>
  </datafield>
  <datafield tag="952" ind1=" " ind2=" ">
    <subfield code="0">0</subfield>
    <subfield code="1">0</subfield>
    <subfield code="4">0</subfield>
    <subfield code="7">0</subfield>
    <subfield code="l">0</subfield>
    <subfield code="o">Kit #3</subfield>
    <subfield code="p">SH142</subfield>
    <subfield code="r">2019-07-17 00:00:00</subfield>
    <subfield code="w">2019-07-17</subfield>
    <subfield code="y">MA</subfield>
  </datafield>
  <datafield tag="952" ind1=" " ind2=" ">
    <subfield code="0">0</subfield>
    <subfield code="1">0</subfield>
    <subfield code="4">0</subfield>
    <subfield code="7">0</subfield>
    <subfield code="l">0</subfield>
    <subfield code="o">Kit #3</subfield>
    <subfield code="p">SH143</subfield>
    <subfield code="r">2019-07-17 00:00:00</subfield>
    <subfield code="w">2019-07-17</subfield>
    <subfield code="y">MA</subfield>
  </datafield>
  <datafield tag="952" ind1=" " ind2=" ">
    <subfield code="0">0</subfield>
    <subfield code="1">0</subfield>
    <subfield code="4">0</subfield>
    <subfield code="7">0</subfield>
    <subfield code="l">0</subfield>
    <subfield code="o">Kit #3</subfield>
    <subfield code="p">SH144</subfield>
    <subfield code="r">2019-07-17 00:00:00</subfield>
    <subfield code="w">2019-07-17</subfield>
    <subfield code="y">MA</subfield>
  </datafield>
  <datafield tag="952" ind1=" " ind2=" ">
    <subfield code="0">0</subfield>
    <subfield code="1">0</subfield>
    <subfield code="4">0</subfield>
    <subfield code="7">0</subfield>
    <subfield code="l">0</subfield>
    <subfield code="o">Kit #3</subfield>
    <subfield code="p">SH145</subfield>
    <subfield code="r">2019-07-17 00:00:00</subfield>
    <subfield code="w">2019-07-17</subfield>
    <subfield code="y">MA</subfield>
  </datafield>
  <datafield tag="952" ind1=" " ind2=" ">
    <subfield code="0">0</subfield>
    <subfield code="1">0</subfield>
    <subfield code="4">0</subfield>
    <subfield code="7">0</subfield>
    <subfield code="l">0</subfield>
    <subfield code="o">Kit #3</subfield>
    <subfield code="p">SH146</subfield>
    <subfield code="r">2019-07-17 00:00:00</subfield>
    <subfield code="w">2019-07-17</subfield>
    <subfield code="y">MA</subfield>
  </datafield>
  <datafield tag="952" ind1=" " ind2=" ">
    <subfield code="0">0</subfield>
    <subfield code="1">0</subfield>
    <subfield code="4">0</subfield>
    <subfield code="7">0</subfield>
    <subfield code="l">0</subfield>
    <subfield code="o">Kit #3</subfield>
    <subfield code="p">SH147</subfield>
    <subfield code="r">2019-07-17 00:00:00</subfield>
    <subfield code="w">2019-07-17</subfield>
    <subfield code="y">MA</subfield>
  </datafield>
  <datafield tag="952" ind1=" " ind2=" ">
    <subfield code="0">0</subfield>
    <subfield code="1">0</subfield>
    <subfield code="4">0</subfield>
    <subfield code="7">0</subfield>
    <subfield code="l">0</subfield>
    <subfield code="o">Kit #3</subfield>
    <subfield code="p">SH148</subfield>
    <subfield code="r">2019-07-17 00:00:00</subfield>
    <subfield code="w">2019-07-17</subfield>
    <subfield code="y">MA</subfield>
  </datafield>
  <datafield tag="952" ind1=" " ind2=" ">
    <subfield code="0">0</subfield>
    <subfield code="1">0</subfield>
    <subfield code="4">0</subfield>
    <subfield code="7">0</subfield>
    <subfield code="l">0</subfield>
    <subfield code="o">Kit #3</subfield>
    <subfield code="p">SH149</subfield>
    <subfield code="r">2019-07-17 00:00:00</subfield>
    <subfield code="w">2019-07-17</subfield>
    <subfield code="y">MA</subfield>
  </datafield>
  <datafield tag="952" ind1=" " ind2=" ">
    <subfield code="0">0</subfield>
    <subfield code="1">0</subfield>
    <subfield code="4">0</subfield>
    <subfield code="7">0</subfield>
    <subfield code="l">0</subfield>
    <subfield code="o">Kit #3</subfield>
    <subfield code="p">SH150</subfield>
    <subfield code="r">2019-07-17 00:00:00</subfield>
    <subfield code="w">2019-07-17</subfield>
    <subfield code="y">MA</subfield>
  </datafield>
  <datafield tag="952" ind1=" " ind2=" ">
    <subfield code="0">0</subfield>
    <subfield code="1">0</subfield>
    <subfield code="4">0</subfield>
    <subfield code="7">0</subfield>
    <subfield code="l">0</subfield>
    <subfield code="o">Kit #3</subfield>
    <subfield code="p">SH151</subfield>
    <subfield code="r">2019-07-17 00:00:00</subfield>
    <subfield code="w">2019-07-17</subfield>
    <subfield code="y">MA</subfield>
  </datafield>
  <datafield tag="952" ind1=" " ind2=" ">
    <subfield code="0">0</subfield>
    <subfield code="1">0</subfield>
    <subfield code="4">0</subfield>
    <subfield code="7">0</subfield>
    <subfield code="l">0</subfield>
    <subfield code="o">Kit #3</subfield>
    <subfield code="p">SH152</subfield>
    <subfield code="r">2019-07-17 00:00:00</subfield>
    <subfield code="w">2019-07-17</subfield>
    <subfield code="y">MA</subfield>
  </datafield>
  <datafield tag="952" ind1=" " ind2=" ">
    <subfield code="0">0</subfield>
    <subfield code="1">0</subfield>
    <subfield code="4">0</subfield>
    <subfield code="7">0</subfield>
    <subfield code="l">0</subfield>
    <subfield code="o">Kit #3</subfield>
    <subfield code="p">SH153</subfield>
    <subfield code="r">2019-07-17 00:00:00</subfield>
    <subfield code="w">2019-07-17</subfield>
    <subfield code="y">MA</subfield>
  </datafield>
  <datafield tag="952" ind1=" " ind2=" ">
    <subfield code="0">0</subfield>
    <subfield code="1">0</subfield>
    <subfield code="4">0</subfield>
    <subfield code="7">0</subfield>
    <subfield code="l">0</subfield>
    <subfield code="o">Kit #3</subfield>
    <subfield code="p">SH154</subfield>
    <subfield code="r">2019-07-17 00:00:00</subfield>
    <subfield code="w">2019-07-17</subfield>
    <subfield code="y">MA</subfield>
  </datafield>
  <datafield tag="952" ind1=" " ind2=" ">
    <subfield code="0">0</subfield>
    <subfield code="1">0</subfield>
    <subfield code="4">0</subfield>
    <subfield code="7">0</subfield>
    <subfield code="l">0</subfield>
    <subfield code="o">Kit #3</subfield>
    <subfield code="p">SH155</subfield>
    <subfield code="r">2019-07-17 00:00:00</subfield>
    <subfield code="w">2019-07-17</subfield>
    <subfield code="y">MA</subfield>
  </datafield>
  <datafield tag="952" ind1=" " ind2=" ">
    <subfield code="0">0</subfield>
    <subfield code="1">0</subfield>
    <subfield code="4">0</subfield>
    <subfield code="7">0</subfield>
    <subfield code="l">0</subfield>
    <subfield code="o">Kit #3</subfield>
    <subfield code="p">SH156</subfield>
    <subfield code="r">2019-07-17 00:00:00</subfield>
    <subfield code="w">2019-07-17</subfield>
    <subfield code="y">MA</subfield>
  </datafield>
  <datafield tag="952" ind1=" " ind2=" ">
    <subfield code="0">0</subfield>
    <subfield code="1">0</subfield>
    <subfield code="4">0</subfield>
    <subfield code="7">0</subfield>
    <subfield code="l">0</subfield>
    <subfield code="o">Kit #3</subfield>
    <subfield code="p">SH157</subfield>
    <subfield code="r">2019-07-17 00:00:00</subfield>
    <subfield code="w">2019-07-17</subfield>
    <subfield code="y">MA</subfield>
  </datafield>
  <datafield tag="952" ind1=" " ind2=" ">
    <subfield code="0">0</subfield>
    <subfield code="1">0</subfield>
    <subfield code="4">0</subfield>
    <subfield code="7">0</subfield>
    <subfield code="l">0</subfield>
    <subfield code="o">Kit #3</subfield>
    <subfield code="p">SH158</subfield>
    <subfield code="r">2019-07-17 00:00:00</subfield>
    <subfield code="w">2019-07-17</subfield>
    <subfield code="y">MA</subfield>
  </datafield>
  <datafield tag="952" ind1=" " ind2=" ">
    <subfield code="0">0</subfield>
    <subfield code="1">0</subfield>
    <subfield code="4">0</subfield>
    <subfield code="7">0</subfield>
    <subfield code="l">0</subfield>
    <subfield code="o">Kit #3</subfield>
    <subfield code="p">SH159</subfield>
    <subfield code="r">2019-07-17 00:00:00</subfield>
    <subfield code="w">2019-07-17</subfield>
    <subfield code="y">MA</subfield>
  </datafield>
  <datafield tag="952" ind1=" " ind2=" ">
    <subfield code="0">0</subfield>
    <subfield code="1">0</subfield>
    <subfield code="4">0</subfield>
    <subfield code="7">0</subfield>
    <subfield code="l">0</subfield>
    <subfield code="o">Kit #3</subfield>
    <subfield code="p">SH160</subfield>
    <subfield code="r">2019-07-17 00:00:00</subfield>
    <subfield code="w">2019-07-17</subfield>
    <subfield code="y">MA</subfield>
  </datafield>
  <datafield tag="952" ind1=" " ind2=" ">
    <subfield code="0">0</subfield>
    <subfield code="1">0</subfield>
    <subfield code="4">0</subfield>
    <subfield code="7">0</subfield>
    <subfield code="l">0</subfield>
    <subfield code="o">Kit #3</subfield>
    <subfield code="p">SH161</subfield>
    <subfield code="r">2019-07-17 00:00:00</subfield>
    <subfield code="w">2019-07-17</subfield>
    <subfield code="y">MA</subfield>
  </datafield>
  <datafield tag="952" ind1=" " ind2=" ">
    <subfield code="0">0</subfield>
    <subfield code="1">0</subfield>
    <subfield code="4">0</subfield>
    <subfield code="7">0</subfield>
    <subfield code="l">0</subfield>
    <subfield code="o">Kit #3</subfield>
    <subfield code="p">SH162</subfield>
    <subfield code="r">2019-07-17 00:00:00</subfield>
    <subfield code="w">2019-07-17</subfield>
    <subfield code="y">MA</subfield>
  </datafield>
  <datafield tag="952" ind1=" " ind2=" ">
    <subfield code="0">0</subfield>
    <subfield code="1">0</subfield>
    <subfield code="4">0</subfield>
    <subfield code="7">0</subfield>
    <subfield code="l">0</subfield>
    <subfield code="o">Kit #3</subfield>
    <subfield code="p">SH163</subfield>
    <subfield code="r">2019-07-17 00:00:00</subfield>
    <subfield code="w">2019-07-17</subfield>
    <subfield code="y">MA</subfield>
  </datafield>
  <datafield tag="952" ind1=" " ind2=" ">
    <subfield code="0">0</subfield>
    <subfield code="1">0</subfield>
    <subfield code="4">0</subfield>
    <subfield code="7">0</subfield>
    <subfield code="l">0</subfield>
    <subfield code="o">Kit #3</subfield>
    <subfield code="p">SH164</subfield>
    <subfield code="r">2019-07-17 00:00:00</subfield>
    <subfield code="w">2019-07-17</subfield>
    <subfield code="y">MA</subfield>
  </datafield>
  <datafield tag="952" ind1=" " ind2=" ">
    <subfield code="0">0</subfield>
    <subfield code="1">0</subfield>
    <subfield code="4">0</subfield>
    <subfield code="7">0</subfield>
    <subfield code="l">0</subfield>
    <subfield code="o">Kit #3</subfield>
    <subfield code="p">SH165</subfield>
    <subfield code="r">2019-07-17 00:00:00</subfield>
    <subfield code="w">2019-07-17</subfield>
    <subfield code="y">MA</subfield>
  </datafield>
  <datafield tag="952" ind1=" " ind2=" ">
    <subfield code="0">0</subfield>
    <subfield code="1">0</subfield>
    <subfield code="4">0</subfield>
    <subfield code="7">0</subfield>
    <subfield code="l">0</subfield>
    <subfield code="o">Kit #3</subfield>
    <subfield code="p">SH166</subfield>
    <subfield code="r">2019-07-17 00:00:00</subfield>
    <subfield code="w">2019-07-17</subfield>
    <subfield code="y">MA</subfield>
  </datafield>
  <datafield tag="952" ind1=" " ind2=" ">
    <subfield code="0">0</subfield>
    <subfield code="1">0</subfield>
    <subfield code="4">0</subfield>
    <subfield code="7">0</subfield>
    <subfield code="l">0</subfield>
    <subfield code="o">Kit #3</subfield>
    <subfield code="p">SH167</subfield>
    <subfield code="r">2019-07-17 00:00:00</subfield>
    <subfield code="w">2019-07-17</subfield>
    <subfield code="y">MA</subfield>
  </datafield>
  <datafield tag="952" ind1=" " ind2=" ">
    <subfield code="0">0</subfield>
    <subfield code="1">0</subfield>
    <subfield code="4">0</subfield>
    <subfield code="7">0</subfield>
    <subfield code="l">0</subfield>
    <subfield code="o">Kit #3</subfield>
    <subfield code="p">SH168</subfield>
    <subfield code="r">2019-07-17 00:00:00</subfield>
    <subfield code="w">2019-07-17</subfield>
    <subfield code="y">MA</subfield>
  </datafield>
  <datafield tag="952" ind1=" " ind2=" ">
    <subfield code="0">0</subfield>
    <subfield code="1">0</subfield>
    <subfield code="4">0</subfield>
    <subfield code="7">0</subfield>
    <subfield code="l">0</subfield>
    <subfield code="o">Kit #3</subfield>
    <subfield code="p">SH169</subfield>
    <subfield code="r">2019-07-17 00:00:00</subfield>
    <subfield code="w">2019-07-17</subfield>
    <subfield code="y">MA</subfield>
  </datafield>
  <datafield tag="952" ind1=" " ind2=" ">
    <subfield code="0">0</subfield>
    <subfield code="1">0</subfield>
    <subfield code="4">0</subfield>
    <subfield code="7">0</subfield>
    <subfield code="l">1</subfield>
    <subfield code="o">Kit #3</subfield>
    <subfield code="p">SH170</subfield>
    <subfield code="r">2023-11-10 10:24:06</subfield>
    <subfield code="s">2023-11-10</subfield>
    <subfield code="w">2019-07-17</subfield>
    <subfield code="y">MA</subfield>
  </datafield>
  <datafield tag="952" ind1=" " ind2=" ">
    <subfield code="0">0</subfield>
    <subfield code="1">0</subfield>
    <subfield code="4">0</subfield>
    <subfield code="7">0</subfield>
    <subfield code="l">0</subfield>
    <subfield code="o">Kit #3</subfield>
    <subfield code="p">SH171</subfield>
    <subfield code="r">2019-07-17 00:00:00</subfield>
    <subfield code="w">2019-07-17</subfield>
    <subfield code="y">MA</subfield>
  </datafield>
  <datafield tag="952" ind1=" " ind2=" ">
    <subfield code="0">0</subfield>
    <subfield code="1">0</subfield>
    <subfield code="4">0</subfield>
    <subfield code="7">0</subfield>
    <subfield code="l">0</subfield>
    <subfield code="o">Kit #3</subfield>
    <subfield code="p">SH172</subfield>
    <subfield code="r">2019-07-17 00:00:00</subfield>
    <subfield code="w">2019-07-17</subfield>
    <subfield code="y">MA</subfield>
  </datafield>
  <datafield tag="952" ind1=" " ind2=" ">
    <subfield code="0">0</subfield>
    <subfield code="1">0</subfield>
    <subfield code="4">0</subfield>
    <subfield code="7">0</subfield>
    <subfield code="l">0</subfield>
    <subfield code="o">Kit #3</subfield>
    <subfield code="p">SH173</subfield>
    <subfield code="r">2019-07-17 00:00:00</subfield>
    <subfield code="w">2019-07-17</subfield>
    <subfield code="y">MA</subfield>
  </datafield>
  <datafield tag="952" ind1=" " ind2=" ">
    <subfield code="0">0</subfield>
    <subfield code="1">0</subfield>
    <subfield code="4">0</subfield>
    <subfield code="7">0</subfield>
    <subfield code="l">0</subfield>
    <subfield code="o">Kit #3</subfield>
    <subfield code="p">SH174</subfield>
    <subfield code="r">2019-07-17 00:00:00</subfield>
    <subfield code="w">2019-07-17</subfield>
    <subfield code="y">MA</subfield>
  </datafield>
  <datafield tag="952" ind1=" " ind2=" ">
    <subfield code="0">0</subfield>
    <subfield code="1">0</subfield>
    <subfield code="4">0</subfield>
    <subfield code="7">0</subfield>
    <subfield code="l">0</subfield>
    <subfield code="o">Kit #3</subfield>
    <subfield code="p">SH175</subfield>
    <subfield code="r">2019-07-17 00:00:00</subfield>
    <subfield code="w">2019-07-17</subfield>
    <subfield code="y">MA</subfield>
  </datafield>
  <datafield tag="952" ind1=" " ind2=" ">
    <subfield code="0">0</subfield>
    <subfield code="1">0</subfield>
    <subfield code="4">0</subfield>
    <subfield code="7">0</subfield>
    <subfield code="l">0</subfield>
    <subfield code="o">Kit #3</subfield>
    <subfield code="p">SH176</subfield>
    <subfield code="r">2019-07-17 00:00:00</subfield>
    <subfield code="w">2019-07-17</subfield>
    <subfield code="y">MA</subfield>
  </datafield>
  <datafield tag="952" ind1=" " ind2=" ">
    <subfield code="0">0</subfield>
    <subfield code="1">0</subfield>
    <subfield code="4">0</subfield>
    <subfield code="7">0</subfield>
    <subfield code="l">0</subfield>
    <subfield code="o">Kit #3</subfield>
    <subfield code="p">SH177</subfield>
    <subfield code="r">2019-07-17 00:00:00</subfield>
    <subfield code="w">2019-07-17</subfield>
    <subfield code="y">MA</subfield>
  </datafield>
  <datafield tag="952" ind1=" " ind2=" ">
    <subfield code="0">0</subfield>
    <subfield code="1">0</subfield>
    <subfield code="4">0</subfield>
    <subfield code="7">0</subfield>
    <subfield code="l">0</subfield>
    <subfield code="o">Kit #3</subfield>
    <subfield code="p">SH178</subfield>
    <subfield code="r">2019-07-17 00:00:00</subfield>
    <subfield code="w">2019-07-17</subfield>
    <subfield code="y">MA</subfield>
  </datafield>
  <datafield tag="952" ind1=" " ind2=" ">
    <subfield code="0">0</subfield>
    <subfield code="1">0</subfield>
    <subfield code="4">0</subfield>
    <subfield code="7">0</subfield>
    <subfield code="l">0</subfield>
    <subfield code="o">Kit #3</subfield>
    <subfield code="p">SH179</subfield>
    <subfield code="r">2019-07-17 00:00:00</subfield>
    <subfield code="w">2019-07-17</subfield>
    <subfield code="y">MA</subfield>
  </datafield>
  <datafield tag="952" ind1=" " ind2=" ">
    <subfield code="0">0</subfield>
    <subfield code="1">0</subfield>
    <subfield code="4">0</subfield>
    <subfield code="7">0</subfield>
    <subfield code="l">0</subfield>
    <subfield code="o">Kit #3</subfield>
    <subfield code="p">SH180</subfield>
    <subfield code="r">2019-07-17 00:00:00</subfield>
    <subfield code="w">2019-07-17</subfield>
    <subfield code="y">MA</subfield>
  </datafield>
  <datafield tag="952" ind1=" " ind2=" ">
    <subfield code="0">0</subfield>
    <subfield code="1">0</subfield>
    <subfield code="4">0</subfield>
    <subfield code="7">0</subfield>
    <subfield code="l">0</subfield>
    <subfield code="o">Kit #3</subfield>
    <subfield code="p">SH181</subfield>
    <subfield code="r">2019-07-17 00:00:00</subfield>
    <subfield code="w">2019-07-17</subfield>
    <subfield code="y">MA</subfield>
  </datafield>
  <datafield tag="952" ind1=" " ind2=" ">
    <subfield code="0">0</subfield>
    <subfield code="1">0</subfield>
    <subfield code="4">0</subfield>
    <subfield code="7">0</subfield>
    <subfield code="l">0</subfield>
    <subfield code="o">Kit #3</subfield>
    <subfield code="p">SH182</subfield>
    <subfield code="r">2019-07-17 00:00:00</subfield>
    <subfield code="w">2019-07-17</subfield>
    <subfield code="y">MA</subfield>
  </datafield>
  <datafield tag="952" ind1=" " ind2=" ">
    <subfield code="0">0</subfield>
    <subfield code="1">0</subfield>
    <subfield code="4">0</subfield>
    <subfield code="7">0</subfield>
    <subfield code="l">0</subfield>
    <subfield code="o">Kit #3</subfield>
    <subfield code="p">SH183</subfield>
    <subfield code="r">2019-07-17 00:00:00</subfield>
    <subfield code="w">2019-07-17</subfield>
    <subfield code="y">MA</subfield>
  </datafield>
  <datafield tag="952" ind1=" " ind2=" ">
    <subfield code="0">0</subfield>
    <subfield code="1">0</subfield>
    <subfield code="4">0</subfield>
    <subfield code="7">0</subfield>
    <subfield code="l">0</subfield>
    <subfield code="o">Kit #3</subfield>
    <subfield code="p">SH184</subfield>
    <subfield code="r">2019-07-17 00:00:00</subfield>
    <subfield code="w">2019-07-17</subfield>
    <subfield code="y">MA</subfield>
  </datafield>
  <datafield tag="952" ind1=" " ind2=" ">
    <subfield code="0">0</subfield>
    <subfield code="1">0</subfield>
    <subfield code="4">0</subfield>
    <subfield code="7">0</subfield>
    <subfield code="l">0</subfield>
    <subfield code="o">Kit #3</subfield>
    <subfield code="p">SH185</subfield>
    <subfield code="r">2019-07-17 00:00:00</subfield>
    <subfield code="w">2019-07-17</subfield>
    <subfield code="y">MA</subfield>
  </datafield>
  <datafield tag="952" ind1=" " ind2=" ">
    <subfield code="0">0</subfield>
    <subfield code="1">0</subfield>
    <subfield code="4">0</subfield>
    <subfield code="7">0</subfield>
    <subfield code="l">0</subfield>
    <subfield code="o">Kit #3</subfield>
    <subfield code="p">SH186</subfield>
    <subfield code="r">2019-07-17 00:00:00</subfield>
    <subfield code="w">2019-07-17</subfield>
    <subfield code="y">MA</subfield>
  </datafield>
  <datafield tag="952" ind1=" " ind2=" ">
    <subfield code="0">0</subfield>
    <subfield code="1">0</subfield>
    <subfield code="4">0</subfield>
    <subfield code="7">0</subfield>
    <subfield code="l">0</subfield>
    <subfield code="o">Kit #3</subfield>
    <subfield code="p">SH187</subfield>
    <subfield code="r">2019-07-17 00:00:00</subfield>
    <subfield code="w">2019-07-17</subfield>
    <subfield code="y">MA</subfield>
  </datafield>
  <datafield tag="952" ind1=" " ind2=" ">
    <subfield code="0">0</subfield>
    <subfield code="1">0</subfield>
    <subfield code="4">0</subfield>
    <subfield code="7">0</subfield>
    <subfield code="l">0</subfield>
    <subfield code="o">Kit #3</subfield>
    <subfield code="p">SH188</subfield>
    <subfield code="r">2019-07-17 00:00:00</subfield>
    <subfield code="w">2019-07-17</subfield>
    <subfield code="y">MA</subfield>
  </datafield>
  <datafield tag="952" ind1=" " ind2=" ">
    <subfield code="0">0</subfield>
    <subfield code="1">0</subfield>
    <subfield code="4">0</subfield>
    <subfield code="7">0</subfield>
    <subfield code="l">0</subfield>
    <subfield code="o">Kit #3</subfield>
    <subfield code="p">SH189</subfield>
    <subfield code="r">2019-07-17 00:00:00</subfield>
    <subfield code="w">2019-07-17</subfield>
    <subfield code="y">MA</subfield>
  </datafield>
  <datafield tag="952" ind1=" " ind2=" ">
    <subfield code="0">0</subfield>
    <subfield code="1">0</subfield>
    <subfield code="4">0</subfield>
    <subfield code="7">0</subfield>
    <subfield code="l">0</subfield>
    <subfield code="o">Kit #3</subfield>
    <subfield code="p">SH190</subfield>
    <subfield code="r">2019-07-17 00:00:00</subfield>
    <subfield code="w">2019-07-17</subfield>
    <subfield code="y">MA</subfield>
  </datafield>
  <datafield tag="952" ind1=" " ind2=" ">
    <subfield code="0">0</subfield>
    <subfield code="1">0</subfield>
    <subfield code="4">0</subfield>
    <subfield code="7">0</subfield>
    <subfield code="l">0</subfield>
    <subfield code="o">Kit #3</subfield>
    <subfield code="p">SH191</subfield>
    <subfield code="r">2019-07-17 00:00:00</subfield>
    <subfield code="w">2019-07-17</subfield>
    <subfield code="y">MA</subfield>
  </datafield>
  <datafield tag="952" ind1=" " ind2=" ">
    <subfield code="0">0</subfield>
    <subfield code="1">0</subfield>
    <subfield code="4">0</subfield>
    <subfield code="7">0</subfield>
    <subfield code="l">1</subfield>
    <subfield code="o">Kit #3</subfield>
    <subfield code="p">SH192</subfield>
    <subfield code="r">2024-07-12 11:43:31</subfield>
    <subfield code="s">2024-07-12</subfield>
    <subfield code="w">2019-07-17</subfield>
    <subfield code="y">MA</subfield>
  </datafield>
  <datafield tag="952" ind1=" " ind2=" ">
    <subfield code="0">0</subfield>
    <subfield code="1">0</subfield>
    <subfield code="4">0</subfield>
    <subfield code="7">0</subfield>
    <subfield code="l">0</subfield>
    <subfield code="o">Kit #3</subfield>
    <subfield code="p">SH193</subfield>
    <subfield code="r">2019-07-17 00:00:00</subfield>
    <subfield code="w">2019-07-17</subfield>
    <subfield code="y">MA</subfield>
  </datafield>
  <datafield tag="952" ind1=" " ind2=" ">
    <subfield code="0">0</subfield>
    <subfield code="1">0</subfield>
    <subfield code="4">0</subfield>
    <subfield code="7">0</subfield>
    <subfield code="l">0</subfield>
    <subfield code="o">Kit #3</subfield>
    <subfield code="p">SH194</subfield>
    <subfield code="r">2019-07-17 00:00:00</subfield>
    <subfield code="w">2019-07-17</subfield>
    <subfield code="y">MA</subfield>
  </datafield>
  <datafield tag="952" ind1=" " ind2=" ">
    <subfield code="0">0</subfield>
    <subfield code="1">0</subfield>
    <subfield code="4">0</subfield>
    <subfield code="7">0</subfield>
    <subfield code="l">0</subfield>
    <subfield code="o">Kit #3</subfield>
    <subfield code="p">SH195</subfield>
    <subfield code="r">2019-07-17 00:00:00</subfield>
    <subfield code="w">2019-07-17</subfield>
    <subfield code="y">MA</subfield>
  </datafield>
  <datafield tag="952" ind1=" " ind2=" ">
    <subfield code="0">0</subfield>
    <subfield code="1">0</subfield>
    <subfield code="4">0</subfield>
    <subfield code="7">0</subfield>
    <subfield code="l">0</subfield>
    <subfield code="o">Kit #3</subfield>
    <subfield code="p">SH196</subfield>
    <subfield code="r">2019-07-17 00:00:00</subfield>
    <subfield code="w">2019-07-17</subfield>
    <subfield code="y">MA</subfield>
  </datafield>
  <datafield tag="952" ind1=" " ind2=" ">
    <subfield code="0">0</subfield>
    <subfield code="1">0</subfield>
    <subfield code="4">0</subfield>
    <subfield code="7">0</subfield>
    <subfield code="l">0</subfield>
    <subfield code="o">Kit #3</subfield>
    <subfield code="p">SH197</subfield>
    <subfield code="r">2019-07-17 00:00:00</subfield>
    <subfield code="w">2019-07-17</subfield>
    <subfield code="y">MA</subfield>
  </datafield>
  <datafield tag="952" ind1=" " ind2=" ">
    <subfield code="0">0</subfield>
    <subfield code="1">0</subfield>
    <subfield code="4">0</subfield>
    <subfield code="7">0</subfield>
    <subfield code="l">0</subfield>
    <subfield code="o">Kit #3</subfield>
    <subfield code="p">SH198</subfield>
    <subfield code="r">2019-07-17 00:00:00</subfield>
    <subfield code="w">2019-07-17</subfield>
    <subfield code="y">MA</subfield>
  </datafield>
  <datafield tag="952" ind1=" " ind2=" ">
    <subfield code="0">0</subfield>
    <subfield code="1">0</subfield>
    <subfield code="4">0</subfield>
    <subfield code="7">0</subfield>
    <subfield code="l">0</subfield>
    <subfield code="o">Kit #3</subfield>
    <subfield code="p">SH199</subfield>
    <subfield code="r">2019-07-17 00:00:00</subfield>
    <subfield code="w">2019-07-17</subfield>
    <subfield code="y">MA</subfield>
  </datafield>
  <datafield tag="952" ind1=" " ind2=" ">
    <subfield code="0">0</subfield>
    <subfield code="1">0</subfield>
    <subfield code="4">0</subfield>
    <subfield code="7">0</subfield>
    <subfield code="l">0</subfield>
    <subfield code="o">Kit #3</subfield>
    <subfield code="p">SH200</subfield>
    <subfield code="r">2019-07-17 00:00:00</subfield>
    <subfield code="w">2019-07-17</subfield>
    <subfield code="y">MA</subfield>
  </datafield>
  <datafield tag="952" ind1=" " ind2=" ">
    <subfield code="0">0</subfield>
    <subfield code="1">0</subfield>
    <subfield code="4">0</subfield>
    <subfield code="7">0</subfield>
    <subfield code="l">0</subfield>
    <subfield code="o">Kit #3</subfield>
    <subfield code="p">SH201</subfield>
    <subfield code="r">2019-07-17 00:00:00</subfield>
    <subfield code="w">2019-07-17</subfield>
    <subfield code="y">MA</subfield>
  </datafield>
  <datafield tag="952" ind1=" " ind2=" ">
    <subfield code="0">0</subfield>
    <subfield code="1">0</subfield>
    <subfield code="4">0</subfield>
    <subfield code="7">0</subfield>
    <subfield code="l">0</subfield>
    <subfield code="o">Kit #3</subfield>
    <subfield code="p">SH202</subfield>
    <subfield code="r">2019-07-17 00:00:00</subfield>
    <subfield code="w">2019-07-17</subfield>
    <subfield code="y">MA</subfield>
  </datafield>
  <datafield tag="952" ind1=" " ind2=" ">
    <subfield code="0">0</subfield>
    <subfield code="1">0</subfield>
    <subfield code="4">0</subfield>
    <subfield code="7">0</subfield>
    <subfield code="l">0</subfield>
    <subfield code="o">Kit #3</subfield>
    <subfield code="p">SH203</subfield>
    <subfield code="r">2019-07-17 00:00:00</subfield>
    <subfield code="w">2019-07-17</subfield>
    <subfield code="y">MA</subfield>
  </datafield>
  <datafield tag="952" ind1=" " ind2=" ">
    <subfield code="0">0</subfield>
    <subfield code="1">0</subfield>
    <subfield code="4">0</subfield>
    <subfield code="7">0</subfield>
    <subfield code="l">0</subfield>
    <subfield code="o">Kit #3</subfield>
    <subfield code="p">SH204</subfield>
    <subfield code="r">2019-07-17 00:00:00</subfield>
    <subfield code="w">2019-07-17</subfield>
    <subfield code="y">MA</subfield>
  </datafield>
  <datafield tag="952" ind1=" " ind2=" ">
    <subfield code="0">0</subfield>
    <subfield code="1">0</subfield>
    <subfield code="4">0</subfield>
    <subfield code="7">0</subfield>
    <subfield code="l">0</subfield>
    <subfield code="o">Kit #3</subfield>
    <subfield code="p">SH205</subfield>
    <subfield code="r">2019-07-17 00:00:00</subfield>
    <subfield code="w">2019-07-17</subfield>
    <subfield code="y">MA</subfield>
  </datafield>
</record>
